Serie A players of the 10s - Statistics

General Stats
  • This quiz has been taken 54 times
  • The average score is 476 of 2019
Answer Stats
Ranking Player Positions Nationality Matches Goals (assists) Periods Clubs % Correct
33 Giorgio Chiellini DF 249 13 (12) 2010-2020
96%
1207 Gustavo Gómez DF 18 0 (0) 2016-2017
96%
4 Leonardo Bonucci DF 326 23 (5) 2010-2020
96%
984 Mario Gómez FW 29 7 (3) 2013-2015
96%
8 Papu Gómez MF, FW 305 62 (66) 2010-2012, 2014-2020
96%
42 Daniele De Rossi DF, MF 238 16 (21) 2010-2019
93%
44 Dries Mertens MF, FW 235 93 (51) 2013-2020
93%
855 Emre Can DF, MF 37 4 (1) 2018-2020
93%
39 Gianluigi Buffon GK 244 0 (0) 2010-2017, 2019-2020
93%
25 Juan Cuadrado DF, MF, FW 257 36 (40) 2010-2020
93%
9 Marek Hamšík MF 302 70 (67) 2010-2019
93%
14 Miralem Pjanić MF 281 42 (68) 2011-2020
93%
2 Radja Nainggolan MF 334 47 (33) 2010-2020
93%
1 Samir Handanović GK 365 0 (0) 2010-2020
93%
82 Andrea Barzagli DF 206 2 (2) 2010-2019
89%
223 Andrea Pirlo MF 136 17 (33) 2010-2015
89%
1000 Gilberto Martínez DF 28 0 (0) 2010-2011
89%
58 Gonzalo Higuaín MF, FW 224 125 (28) 2013-2020
89%
1021 Jorge Martínez MF, FW 27 0 (0) 2010-2012
89%
635 Josef Martínez FW 58 7 (2) 2014-2017
89%
604 Lautaro Martínez MF, FW 62 20 (5) 2018-2020
89%
17 Lorenzo Insigne MF, FW 269 66 (60) 2012-2020
89%
63 Mauro Icardi FW 219 121 (27) 2012-2019
89%
1996 Roberto Insigne MF, FW 1 0 (0) 2012-2013
89%
46 Stephan Lichtsteiner DF, MF 235 12 (23) 2010-2018
89%
12 Fabio Quagliarella FW 287 112 (29) 2010-2020
85%
38 Goran Pandev MF, FW 245 42 (26) 2010-2013, 2015-2020
85%
204 Ivan Perišić DF, MF, FW 141 37 (24) 2015-2019
85%
112 Kalidou Koulibaly DF 183 10 (3) 2014-2020
85%
61 Paulo Dybala MF, FW 222 84 (39) 2012-2013, 2014-2020
85%
5 Antonio Candreva DF, MF, FW 324 58 (52) 2010-2020
81%
262 Arturo Vidal MF 124 35 (20) 2011-2015
81%
60 Ciro Immobile FW 222 135 (32) 2012-2013, 2015-2020
81%
66 Claudio Marchisio MF 217 27 (23) 2010-2018
81%
585 Cristiano Ronaldo MF, FW 64 52 (13) 2018-2020
81%
22 Francesco Acerbi DF 260 17 (3) 2011-2020
81%
122 Francesco Totti MF, FW 177 58 (49) 2010-2017
81%
57 Kwadwo Asamoah DF, MF 225 9 (18) 2010-2020
81%
64 Luis Muriel MF, FW 218 67 (25) 2011-2016, 2018-2020
81%
290 Mario Mandžukić MF, FW 118 31 (15) 2015-2019
81%
196 Mário Rui DF, MF 144 3 (11) 2014-2020
81%
499 Zlatan Ibrahimović FW 79 52 (22) 2010-2011, 2019-2020
81%
670 Alexis Sánchez MF, FW 53 16 (15) 2010-2011, 2019-2020
78%
1846 Alexis Zapata MF 1 0 (0) 2014-2015
78%
228 Alex Sandro DF, MF 135 11 (15) 2015-2020
78%
96 Antonio Di Natale FW 193 107 (27) 2010-2016
78%
822 Carlos Sánchez DF, MF 40 2 (1) 2016-2018
78%
141 Cristián Zapata DF 166 6 (2) 2010-2011, 2012-2020
78%
92 Duván Zapata FW 196 81 (24) 2013-2020
78%
347 Edinson Cavani MF, FW 104 78 (12) 2010-2013
78%
358 Hakan Çalhanoğlu MF, FW 102 18 (21) 2017-2020
78%
28 José Callejón MF, FW 255 64 (55) 2013-2020
78%
10 Josip Iličić MF, FW 291 87 (44) 2010-2020
78%
911 Alejandro Rodríguez FW 33 5 (1) 2010-2011, 2014-2015, 2018-2019
74%
40 Alessandro Matri FW 242 67 (13) 2010-2020
74%
6 Andrea Consigli GK 318 0 (0) 2011-2020
74%
32 Andrea Poli MF 250 14 (5) 2010-2020
74%
35 Borja Valero MF 247 18 (40) 2012-2020
74%
1588 Cristian Rodríguez MF 5 0 (0) 2014-2015
74%
1109 Danilo DF, MF 22 2 (0) 2019-2020
74%
864 Diego López GK 36 0 (0) 2014-2016
74%
411 Diego Milito FW 93 40 (11) 2010-2014
74%
1873 Diego Rodríguez MF 1 0 (0) 2012-2013
74%
1414 Fabrizio Poli DF 10 0 (0) 2015-2016
74%
1892 Federico Rodríguez FW 1 0 (0) 2013-2014
74%
1897 Flavio Roma GK 1 0 (0) 2010-2011
74%
224 Franck Kessié DF, MF 136 22 (7) 2016-2020
74%
160 Gonzalo Rodríguez DF 159 22 (3) 2012-2017
74%
1369 Graziano Pellè FW 12 1 (0) 2011-2013
74%
553 Guillermo Daniel Rodríguez DF 69 0 (0) 2011-2015
74%
1921 Ionuț Andrei Radu GK 1 0 (0) 2015-2016
74%
704 Ionuț Radu GK 50 0 (1) 2018-2020
74%
113 Kostas Manolas DF 182 9 (5) 2014-2020
74%
147 Marcelo Brozović MF 165 18 (23) 2014-2020
74%
1727 Matías Rodríguez DF, MF 3 0 (0) 2012-2014
74%
265 Paul Pogba MF, FW 124 28 (23) 2012-2016
74%
1572 Ribair Rodríguez MF 6 0 (0) 2012-2013
74%
525 Ricardo Rodríguez DF, MF 74 1 (3) 2017-2020
74%
11 Rodrigo Palacio MF, FW 290 81 (47) 2010-2020
74%
163 Stefan de Vrij DF 157 14 (7) 2014-2020
74%
34 Ștefan Radu DF 249 5 (7) 2010-2020
74%
99 Stephan El Shaarawy DF, MF, FW 192 55 (23) 2011-2019
74%
191 Wojciech Szczęsny GK 146 0 (0) 2015-2020
74%
648 Abel Hernández FW 56 10 (2) 2010-2013
70%
775 Alessandro Nesta DF 43 1 (1) 2010-2012
70%
946 Alfredo Donnarumma FW 31 7 (2) 2019-2020
70%
229 Andrea Costa DF, MF 135 5 (2) 2012-2018
70%
193 Antonio Cassano FW 144 37 (38) 2010-2016
70%
1852 Antonio Donnarumma GK 1 0 (0) 2012-2013
70%
542 Carlos Bacca FW 70 31 (5) 2015-2017
70%
644 David López DF, MF 57 2 (2) 2014-2016
70%
535 Douglas Costa MF, FW 71 6 (16) 2017-2020
70%
132 Edin Džeko FW 172 78 (31) 2015-2020
70%
102 Elseid Hysaj DF 190 1 (10) 2014-2020
70%
835 Filippo Costa DF, MF, FW 39 0 (1) 2015-2019
70%
120 Gianluigi Donnarumma GK 178 0 (0) 2015-2020
70%
263 Jacopo Sala DF, MF, FW 124 3 (6) 2013-2020
70%
575 Jordan Lukaku DF, MF 66 1 (4) 2016-2020
70%
1940 Lisandro López DF 1 0 (0) 2017-2018
70%
256 Lorenzo Pellegrini MF 128 15 (20) 2014-2020
70%
826 Luca Pellegrini DF, MF 40 0 (7) 2018-2020
70%
139 Lucas Biglia MF 167 15 (9) 2013-2020
70%
3 Marco Parolo MF 333 44 (17) 2010-2020
70%
473 Mario Balotelli FW 82 32 (7) 2012-2013, 2015-2016, 2019-2020
70%
81 Mattia Perin GK 207 0 (0) 2010-2011, 2012-2020
70%
89 Maxi López FW 198 35 (13) 2010-2018
70%
171 Medhi Benatia DF 153 14 (1) 2010-2013, 2016-2019
70%
699 Nicolás López MF, FW 51 8 (2) 2012-2015
70%
940 Pau López GK 32 0 (0) 2019-2020
70%
188 Pepe Reina GK 146 0 (0) 2013-2014, 2015-2020
70%
1470 Pietro Pellegri FW 9 3 (0) 2016-2018
70%
54 Piotr Zieliński MF 227 22 (22) 2012-2020
70%
104 Riccardo Montolivo MF 188 14 (13) 2010-2018
70%
875 Romelu Lukaku FW 36 23 (2) 2019-2020
70%
381 Sami Khedira MF 99 21 (11) 2015-2020
70%
155 Sergej Milinković-Savić MF 162 29 (18) 2015-2020
70%
51 Sergio Pellissier FW 230 51 (14) 2010-2019
70%
928 Theo Hernández DF 33 6 (3) 2019-2020
70%
1074 Tino Costa MF 25 2 (1) 2014-2016
70%
1748 Vanja Milinković-Savić GK 3 0 (0) 2017-2019
70%
649 Alessandro Bastoni DF 56 3 (0) 2016-2020
67%
650 Alessandro Del Piero MF, FW 56 11 (5) 2010-2012
67%
1679 Alessandro Rossi FW 3 0 (0) 2016-2017
67%
21 Allan DF, MF 262 12 (33) 2012-2020
67%
455 Andrea Conti DF, MF 84 10 (10) 2015-2020
67%
1409 Andrea Rossi DF 10 0 (1) 2011-2012
67%
1058 André Silva FW 25 2 (1) 2017-2018, 2019-2020
67%
15 Antonio Mirante GK 270 0 (0) 2010-2020
67%
409 Arkadiusz Milik FW 93 38 (5) 2016-2020
67%
232 Christian Abbiati GK 134 0 (0) 2010-2016
67%
210 Daniele Conti MF 139 17 (10) 2010-2015
67%
37 Davide Astori DF 245 5 (3) 2010-2018
67%
41 Éder MF, FW 240 60 (20) 2010-2018
67%
176 Federico Bernardeschi DF, MF, FW 151 21 (17) 2014-2020
67%
1696 Francesco Rossi GK 3 0 (0) 2017-2020
67%
856 Gennaro Gattuso MF 37 2 (2) 2010-2012
67%
781 Giuseppe Rossi MF, FW 43 17 (6) 2012-2013, 2015-2018
67%
195 João Pedro MF, FW 144 42 (13) 2010-2011, 2014-2015, 2016-2020
67%
125 Juan Jesus DF 176 2 (1) 2011-2020
67%
636 Júlio César GK 58 0 (0) 2010-2012
67%
966 Kaká MF, FW 30 7 (4) 2013-2014
67%
1227 Luca Mora MF 17 0 (1) 2017-2018
67%
174 Luca Toni FW 152 61 (16) 2010-2011, 2012-2016
67%
511 Marco Rossi MF 76 6 (2) 2010-2013
67%
698 Marco Rossi DF 51 0 (0) 2010-2012
67%
208 Marten de Roon DF, MF 140 8 (13) 2015-2016, 2017-2020
67%
353 Mirko Vučinić FW 103 31 (17) 2010-2014
67%
214 Miroslav Klose FW 139 55 (20) 2011-2016
67%
75 Paolo Cannavaro DF 209 6 (3) 2010-2018
67%
681 Samuel Eto'o FW 53 23 (11) 2010-2011, 2014-2015
67%
192 Suso MF, FW 145 27 (29) 2014-2020
67%
2013 Tom DF 1 0 (0) 2011-2012
67%
1052 Vincenzo Iaquinta FW 26 5 (3) 2010-2012
67%
107 Yuto Nagatomo DF 186 9 (13) 2010-2018
67%
55 Alessandro Florenzi DF, FW 226 25 (27) 2010-2011, 2012-2020
63%
750 Alex DF 46 4 (1) 2014-2016
63%
593 Álvaro Morata FW 63 15 (12) 2014-2016
63%
912 Álvaro Pereira DF, MF 33 1 (4) 2012-2014
63%
71 Andrea Belotti FW 213 85 (23) 2014-2020
63%
1106 Andrea Luci MF 22 1 (0) 2013-2014
63%
1848 Andrea Mancini FW 1 0 (0) 2012-2013
63%
572 Carlos Tevez MF, FW 66 39 (14) 2013-2015
63%
292 Daniele Rugani DF 117 9 (1) 2014-2020
63%
1589 Danilo Pereira DF, FW 5 0 (0) 2011-2012
63%
1874 Dion Ruffo Luci MF 1 0 (0) 2019-2020
63%
78 Domenico Berardi MF, FW 208 69 (47) 2013-2020
63%
62 Felipe dal Belo DF 219 7 (4) 2010-2020
63%
464 Fernando Llorente MF, FW 83 26 (7) 2013-2015, 2019-2020
63%
672 Gaetano Berardi DF 53 0 (1) 2010-2011, 2012-2014
63%
31 Giacomo Bonaventura MF, FW 251 44 (29) 2011-2020
63%
529 Gianluca Mancini DF, MF 73 7 (2) 2017-2020
63%
109 Hernanes MF 184 42 (23) 2010-2017
63%
16 Lorenzo De Silvestri DF, MF 269 18 (16) 2010-2020
63%
1805 Mancini MF, FW 2 0 (0) 2010-2011
63%
554 Marco Motta DF 69 1 (1) 2010-2014
63%
1965 Matheus Pereira MF, FW 1 0 (0) 2016-2017
63%
161 Matteo Politano MF, FW 158 27 (20) 2015-2020
63%
170 Mattia De Sciglio DF, MF 153 1 (6) 2011-2020
63%
327 Miranda DF 109 1 (3) 2015-2019
63%
110 Morgan De Sanctis GK 184 0 (0) 2010-2016
63%
1210 Nehuén Paz DF 18 0 (1) 2018-2020
63%
257 Nicolò Barella MF 127 8 (10) 2014-2015, 2016-2020
63%
1665 Pedro FW 4 0 (0) 2019-2020
63%
941 Pedro Pereira DF, FW 32 0 (0) 2017-2019
63%
1156 Pedro Pereira FW 21 0 (1) 2015-2017
63%
330 Philippe Mexès DF 108 7 (2) 2010-2016
63%
244 Roberto Pereyra DF, MF, FW 132 12 (12) 2011-2016
63%
844 Sandro MF 39 1 (1) 2017-2019
63%
20 Senad Lulić DF, MF, FW 266 28 (38) 2011-2020
63%
1350 Seydou Doumbia FW 13 2 (0) 2014-2015
63%
429 Stevan Jovetić MF, FW 89 33 (10) 2011-2012, 2015-2017
63%
995 Thiago Motta MF 29 7 (3) 2010-2012
63%
90 Alberto Gilardino FW 197 60 (13) 2010-2017
59%
87 Alessio Romagnoli DF 199 9 (3) 2012-2020
59%
713 Alex Meret GK 49 0 (0) 2017-2020
59%
95 Alfred Duncan MF 193 9 (20) 2012-2020
59%
1847 Anđelko Savić FW 1 0 (0) 2012-2013
59%
202 Andrea Petagna FW 141 37 (14) 2013-2014, 2016-2020
59%
105 Andrea Ranocchia DF 186 11 (4) 2010-2020
59%
49 Blerim Džemaili MF 230 31 (16) 2010-2013, 2015-2020
59%
1689 Cheick Keita DF 3 0 (0) 2017-2018
59%
1298 Cristiano Zanetti MF 14 0 (1) 2010-2011
59%
1763 Daniel Maldini MF, FW 2 0 (0) 2019-2020
59%
416 Davide Calabria DF 91 3 (6) 2014-2020
59%
853 Édgar Álvarez DF, MF 37 1 (1) 2010-2012
59%
241 Esteban Cambiasso MF 132 18 (9) 2010-2014
59%
234 Federico Chiesa DF, MF, FW 134 25 (15) 2016-2020
59%
397 Gabriel Silva DF, MF 95 2 (6) 2011-2017
59%
1221 Gastón Silva DF 17 0 (1) 2014-2016
59%
242 Gervinho MF, FW 132 35 (21) 2013-2015, 2018-2020
59%
79 Giampaolo Pazzini FW 207 57 (8) 2010-2015, 2017-2018, 2019-2020
59%
883 Giuseppe De Luca FW 35 6 (2) 2012-2014
59%
934 Gleison Bremer DF 32 3 (1) 2018-2020
59%
73 Ignazio Abate DF, MF 213 3 (14) 2010-2019
59%
306 Javier Zanetti DF, MF 114 0 (5) 2010-2014
59%
1931 João Silva FW 1 0 (0) 2014-2015
59%
1789 Jonathan Silva DF 2 0 (0) 2017-2018
59%
56 Juraj Kucka MF, FW 225 23 (15) 2010-2016, 2018-2020
59%
338 Luis Alberto MF, FW 106 22 (36) 2016-2020
59%
1726 Matheus Pereira da Silva MF 3 0 (0) 2018-2019
59%
485 Mohamed Salah MF, FW 81 35 (20) 2014-2017
59%
520 Pablo Álvarez DF 75 0 (0) 2010-2014
59%
189 Rafael Tolói DF 146 5 (11) 2013-2014, 2015-2020
59%
116 Raúl Albiol DF 180 6 (6) 2013-2019
59%
209 Remo Freuler MF 140 15 (14) 2015-2020
59%
285 Ricky Álvarez MF 119 15 (18) 2011-2013, 2015-2018
59%
331 Robinho MF, FW 108 25 (20) 2010-2014
59%
1379 Santiago Silva FW 12 1 (0) 2011-2012
59%
758 Seydou Keita MF 46 3 (1) 2014-2016
59%
85 Simone Padoin DF, MF 201 5 (4) 2011-2019
59%
324 Simone Pepe MF, FW 110 15 (7) 2010-2017
59%
763 Simone Romagnoli DF 45 0 (0) 2012-2013, 2015-2016, 2017-2018
59%
13 Stefano Sorrentino GK 282 0 (0) 2010-2012, 2014-2019
59%
446 Stefan Savić DF, MF 86 4 (1) 2012-2015
59%
2006 Stefan Silva FW 1 0 (0) 2016-2017
59%
625 Thiago Silva DF 60 3 (1) 2010-2012
59%
59 Valter Birsa MF, FW 223 22 (29) 2011-2020
59%
2016 Victor da Silva MF 1 0 (0) 2012-2013
59%
527 Adam Marušić DF 73 6 (6) 2017-2020
56%
1581 Adriano DF, FW 5 0 (0) 2010-2011
56%
382 Blaise Matuidi MF 98 6 (5) 2017-2020
56%
70 Boštjan Cesar DF 215 7 (0) 2010-2019
56%
283 Bruno Fernandes MF, FW 119 15 (13) 2013-2017
56%
727 Cristian Chivu DF 48 2 (1) 2010-2013
56%
728 Dejan Stanković MF 48 5 (7) 2010-2013
56%
180 Diego Perotti MF, FW 149 31 (25) 2014-2020
56%
1034 Elif Elmas MF, FW 26 1 (1) 2019-2020
56%
211 Etrit Berisha GK 139 0 (0) 2013-2020
56%
502 Fabrizio Miccoli FW 78 33 (21) 2010-2013
56%
767 Federico Fernández DF 44 0 (1) 2011-2014
56%
221 Felipe Anderson MF, FW 137 25 (25) 2013-2018
56%
304 Fredy Guarín MF 114 15 (19) 2011-2016
56%
305 Gary Medel DF, MF 114 1 (3) 2014-2016, 2019-2020
56%
546 Giovanni Di Lorenzo DF, FW 70 8 (6) 2018-2020
56%
169 Gökhan Inler MF 153 12 (10) 2010-2015
56%
207 Hugo Campagnaro DF 140 5 (3) 2010-2014, 2016-2017
56%
560 Ismaël Bennacer MF 68 1 (5) 2018-2020
56%
277 Joel Obi DF, MF 121 8 (3) 2010-2019
56%
479 Keisuke Honda MF, FW 81 9 (9) 2013-2017
56%
922 Luiz Adriano MF, FW 33 4 (0) 2015-2017
56%
186 Łukasz Skorupski GK 147 0 (0) 2013-2020
56%
115 Marco Borriello FW 180 51 (12) 2010-2018
56%
1487 Marco Materazzi DF 8 0 (0) 2010-2011
56%
484 Massimo Ambrosini MF 81 2 (6) 2010-2014
56%
326 Matías Fernández MF 109 8 (16) 2012-2017
56%
197 Matteo Darmian DF, MF 144 3 (7) 2010-2011, 2012-2014, 2019-2020
56%
1463 Matteo Gabbia DF 9 0 (0) 2019-2020
56%
158 Mauricio Pinilla FW 160 47 (14) 2010-2017
56%
133 Nicolas Frey DF 171 0 (5) 2010-2016, 2018-2019
56%
541 Paolo De Ceglie DF 71 5 (2) 2010-2015
56%
469 Robin Gosens DF, MF, FW 83 13 (11) 2017-2020
56%
1403 Ronaldinho MF, FW 11 0 (3) 2010-2011
56%
190 Salvatore Sirigu GK 146 0 (0) 2010-2011, 2017-2020
56%
893 Sandro Tonali MF 35 1 (7) 2019-2020
56%
454 Sébastien Frey GK 85 0 (0) 2010-2013
56%
167 Simone Verdi MF, FW 155 25 (22) 2012-2013, 2014-2020
56%
245 Thomas Strakosha GK 132 0 (0) 2016-2020
56%
97 Tomás Rincón MF 193 8 (15) 2014-2020
56%
1404 Valon Berisha MF, FW 11 0 (0) 2018-2020
56%
250 Víctor Ibarbo MF, FW 130 15 (9) 2011-2017
56%
568 Walter Samuel DF 67 5 (2) 2010-2014
56%
710 Wesley Sneijder MF 50 9 (10) 2010-2013
56%
68 Adem Ljajić MF, FW 216 48 (39) 2010-2019
52%
150 Alberto Aquilani MF 162 17 (19) 2010-2014, 2016-2017
52%
36 Alberto Paloschi FW 246 53 (11) 2010-2020
52%
84 Albin Ekdal MF 202 9 (6) 2010-2014, 2018-2020
52%
820 Alexandre Pato MF, FW 40 15 (6) 2010-2013
52%
579 Alex Ferrari DF 65 1 (0) 2015-2020
52%
282 Amauri FW 119 27 (6) 2010-2016
52%
595 Angelo Ogbonna DF 63 0 (0) 2012-2015
52%
415 Berat Djimsiti DF 91 3 (4) 2015-2016, 2017-2020
52%
239 Bryan Cristante DF, MF 132 18 (11) 2013-2014, 2015-2020
52%
726 Clarence Seedorf MF 48 6 (7) 2010-2012
52%
410 Cristiano Del Grosso DF 93 3 (3) 2011-2015
52%
777 Daniele Verde MF, FW 43 2 (4) 2014-2015, 2017-2018
52%
72 Danilo D'Ambrosio DF 213 17 (17) 2012-2020
52%
311 David Pizarro MF 112 5 (9) 2010-2015
52%
1093 Diego Godín DF 23 1 (1) 2019-2020
52%
977 Edimilson Fernandes DF, MF, FW 29 2 (0) 2018-2019
52%
149 Emanuele Giaccherini MF, FW 163 25 (12) 2010-2012, 2015-2019
52%
612 Ezequiel Lavezzi MF, FW 61 15 (19) 2010-2012
52%
231 Faouzi Ghoulam DF 135 3 (18) 2013-2020
52%
798 Federico Dimarco DF, MF 42 1 (4) 2014-2015, 2016-2017, 2018-2020
52%
1338 Filippo Inzaghi FW 13 3 (0) 2010-2012
52%
106 Francesco Magnanelli MF 186 3 (5) 2013-2020
52%
1900 Francesco Verde FW 1 0 (0) 2018-2019
52%
760 Gelson Fernandes MF 45 3 (2) 2010-2012
52%
276 Gian Marco Ferrari DF 121 9 (2) 2016-2020
52%
146 Grégoire Defrel MF, FW 165 43 (16) 2010-2011, 2014-2020
52%
1116 Henrikh Mkhitaryan MF, FW 22 9 (5) 2019-2020
52%
27 Jasmin Kurtić MF, FW 255 25 (16) 2010-2011, 2012-2020
52%
177 Jorginho MF 151 9 (14) 2013-2018
52%
255 Leonardo Pavoletti FW 128 51 (7) 2013-2020
52%
433 Lucas Leiva MF 88 2 (6) 2017-2020
52%
80 Manolo Gabbiadini MF, FW 207 53 (17) 2011-2016, 2018-2020
52%
983 Marco Amelia GK 29 0 (0) 2010-2014
52%
148 Marco Sportiello GK 164 0 (0) 2013-2020
52%
101 Matías Vecino MF, FW 191 17 (14) 2013-2020
52%
555 Mattia Caldara DF 69 10 (2) 2013-2014, 2016-2017, 2019-2020
52%
199 Milan Škriniar DF, MF 143 4 (1) 2015-2020
52%
1492 Moussa Koné MF 8 1 (1) 2013-2014
52%
159 Panagiotis Kone MF 160 14 (8) 2010-2017
52%
956 Rafael Leão MF, FW 31 6 (1) 2019-2020
52%
434 Riccardo Orsolini MF, FW 88 16 (12) 2017-2020
52%
624 Simone Perrotta MF 60 5 (2) 2010-2013
52%
531 Stefano Sensi MF, FW 73 8 (6) 2016-2020
52%
309 Stefano Sturaro MF 114 5 (5) 2013-2020
52%
420 Sulley Muntari MF 91 13 (4) 2010-2014, 2016-2017
52%
162 Valon Behrami DF, MF 158 2 (5) 2010-2013, 2017-2020
52%
642 Zdravko Kuzmanović MF 58 0 (2) 2012-2016
52%
831 Adil Rami DF 39 4 (2) 2013-2015
48%
1056 Alejandro González DF 25 0 (0) 2013-2015
48%
365 Aleksandar Kolarov DF 100 17 (11) 2017-2020
48%
108 Alessandro Gamberini DF 184 4 (2) 2010-2018
48%
523 Alex Cordaz GK 74 0 (0) 2016-2018
48%
850 Alisson GK 37 0 (0) 2017-2018
48%
291 Álvaro González MF 117 4 (7) 2010-2015
48%
1504 Anderson MF 7 0 (0) 2013-2014
48%
269 Andrea Lazzari MF 123 5 (12) 2010-2016
48%
372 André Dias DF 99 3 (1) 2010-2014
48%
124 Christian Maggio DF, MF 176 11 (14) 2010-2018
48%
131 Cristiano Biraghi DF, MF 172 5 (19) 2013-2014, 2016-2020
48%
23 Cyril Théréau FW 259 66 (16) 2010-2019
48%
500 Dani Osvaldo FW 78 33 (9) 2011-2015
48%
77 Dario Dainelli DF 208 4 (1) 2010-2018
48%
833 Dejan Kulusevski MF, FW 39 10 (8) 2018-2020
48%
1553 Djavan Anderson DF, MF, FW 6 0 (0) 2019-2020
48%
524 Dodô DF 74 0 (2) 2012-2017
48%
1143 Fabio Grosso DF, MF 21 0 (2) 2010-2012
48%
275 Federico Fazio DF 121 10 (2) 2016-2020
48%
47 Federico Peluso DF 233 7 (11) 2011-2020
48%
103 Gabriel Paletta DF 190 8 (3) 2010-2017
48%
288 Giancarlo González DF 118 4 (2) 2014-2019
48%
1018 Gianluca Zambrotta DF 27 1 (0) 2010-2012
48%
1019 Gil Bastião Dias MF, FW 27 2 (3) 2017-2018
48%
518 Jérémy Ménez MF, FW 75 20 (6) 2010-2011, 2014-2016
48%
123 Jonathan Biabiany MF, FW 177 16 (19) 2010-2016, 2018-2019
48%
621 José Mauri MF 60 2 (1) 2013-2019
48%
566 Juan Musso GK 67 0 (0) 2018-2020
48%
264 Karol Linetty MF 124 11 (11) 2016-2020
48%
152 Khouma Babacar FW 162 38 (8) 2010-2011, 2014-2020
48%
482 Luca Antonini DF, MF 81 3 (2) 2010-2015
48%
100 Lucas Castro MF 191 21 (22) 2012-2013, 2015-2020
48%
576 Lúcio DF 66 2 (1) 2010-2013
48%
363 Manuel Lazzari DF 101 2 (12) 2017-2020
48%
827 Marco Silvestri GK 40 0 (0) 2013-2014, 2017-2018, 2019-2020
48%
414 Mario Pašalić MF, FW 92 19 (9) 2016-2017, 2018-2020
48%
474 Marko Rog MF, FW 82 3 (1) 2016-2020
48%
493 Mateo Kovačić MF 80 5 (9) 2012-2015
48%
43 Matías Silvestre DF 236 15 (5) 2010-2019
48%
1969 Mattia Maggio FW 1 0 (0) 2011-2012
48%
886 Moise Kean FW 35 11 (0) 2016-2019
48%
308 Nikola Kalinić FW 114 38 (9) 2015-2017, 2019-2020
48%
295 Orestis Karnezis GK 117 0 (0) 2014-2016, 2018-2019
48%
1255 Pablo González MF, FW 16 1 (0) 2011-2012
48%
400 Rade Krunić MF, FW 95 8 (9) 2015-2016, 2018-2020
48%
489 Rolando Bianchi FW 81 14 (3) 2012-2015
48%
278 Sebastian Giovinco MF, FW 121 31 (22) 2010-2015
48%
1672 Simone Pasa DF, MF 4 0 (0) 2012-2013
48%
217 Simone Zaza MF, FW 138 35 (8) 2010-2011, 2013-2015, 2018-2020
48%
807 Simon Kjær DF 42 0 (0) 2011-2012, 2019-2020
48%
1321 Stanislav Lobotka MF 14 0 (0) 2019-2020
48%
267 Stefano Mauri MF, FW 124 27 (19) 2010-2016
48%
682 Tommaso Rocchi MF, FW 53 11 (6) 2010-2013
48%
201 Walter Gargano MF 142 3 (10) 2010-2015
48%
157 Alessandro Lucarelli DF 160 9 (2) 2010-2015
44%
111 Alessio Cerci MF, FW 183 41 (30) 2010-2015, 2017-2018
44%
74 Andrea Bertolacci MF 212 21 (16) 2010-2017, 2019-2020
44%
846 Andrea Esposito DF 38 1 (0) 2010-2012
44%
76 Andrea Masiello DF 208 9 (5) 2010-2011, 2014-2020
44%
1412 Armand Traoré DF, MF 10 0 (0) 2010-2011
44%
1508 Bakaye Traoré MF 7 0 (0) 2012-2013
44%
1297 Carles Pérez MF, FW 14 1 (3) 2019-2020
44%
1687 Carlo Pinsoglio GK 3 0 (0) 2017-2020
44%
1362 Cristiano Lucarelli FW 12 1 (0) 2010-2012
44%
1179 Dani Alves DF, MF 19 2 (3) 2016-2017
44%
303 Daniele Padelli GK 114 0 (0) 2010-2011, 2012-2016, 2019-2020
44%
343 Diego Pérez MF 105 0 (7) 2010-2014
44%
1243 Doni GK 16 0 (0) 2010-2011
44%
98 Édgar Barreto MF 192 6 (13) 2011-2012, 2014-2020
44%
67 Emiliano Viviano GK 217 0 (0) 2010-2012, 2014-2019
44%
145 Federico Marchetti GK 165 0 (0) 2011-2016, 2018-2019
44%
443 Francesco Caputo FW 86 38 (10) 2010-2011, 2018-2020
44%
119 Germán Denis FW 178 60 (15) 2010-2016
44%
187 Giovanni Simeone FW 146 44 (11) 2016-2020
44%
1782 Guillermo Burdisso DF 2 0 (0) 2010-2011
44%
597 Hamed Junior Traorè MF, FW 63 6 (3) 2018-2020
44%
337 Hans Hateboer DF, MF 106 5 (11) 2016-2020
44%
620 Javier Pastore MF, FW 60 14 (6) 2010-2011, 2018-2020
44%
307 Jean-François Gillet GK 114 0 (2) 2010-2012, 2014-2015
44%
537 Jeison Murillo DF 71 2 (2) 2015-2016, 2019-2020
44%
696 João Cancelo DF, MF 51 2 (5) 2017-2019
44%
590 João Mário MF, FW 64 4 (8) 2016-2019
44%
399 Joaquín Correa MF, FW 95 17 (9) 2014-2015, 2018-2020
44%
1933 Joshua Pérez MF, FW 1 0 (0) 2016-2017
44%
412 Juan Iturbe MF, FW 93 12 (8) 2013-2017
44%
314 Kevin-Prince Boateng MF, FW 112 16 (9) 2010-2012, 2015-2016, 2018-2020
44%
362 Kevin Strootman MF 101 10 (17) 2013-2019
44%
1562 Kingsley Boateng FW 6 0 (0) 2013-2014
44%
379 Leandro Castán DF 99 1 (1) 2012-2018
44%
458 Leonardo Spinazzola DF, MF 84 1 (10) 2014-2015, 2016-2020
44%
114 Luca Antonelli DF, MF 182 12 (11) 2010-2019
44%
321 Manuel Locatelli MF 110 4 (9) 2015-2020
44%
841 Marco Cassetti DF, MF 39 0 (1) 2010-2012
44%
519 Marco Di Vaio FW 75 29 (8) 2010-2012
44%
504 Marquinho DF, MF 78 9 (3) 2011-2013, 2015-2016
44%
273 Martín Cáceres DF 122 8 (1) 2011-2015, 2017-2020
44%
48 Mattia Destro MF, FW 231 70 (11) 2010-2020
44%
284 Mauricio Isla DF, MF 119 6 (17) 2010-2013, 2015-2017
44%
181 Miguel Veloso MF 149 6 (12) 2010-2011, 2016-2020
44%
1973 Mirko Esposito 0 1 0 (0) 2014-2015
44%
86 Nicolás Burdisso DF 200 4 (0) 2010-2018
44%
302 Nikola Maksimović DF 115 2 (4) 2013-2020
44%
441 Nikola Milenković DF 87 8 (0) 2017-2020
44%
310 Pablo Armero DF, MF 113 3 (19) 2010-2017
44%
1820 Pablo Cáceres DF 2 0 (0) 2012-2013
44%
678 Patrice Evra DF 53 3 (5) 2014-2017
44%
689 Paulo Vitor Barreto FW 52 7 (4) 2010-2015
44%
18 Përparim Hetemaj MF 269 8 (15) 2010-2019
44%
488 Rodrigo Bentancur MF 81 2 (10) 2017-2020
44%
205 Rodrigo De Paul MF, FW 141 24 (24) 2016-2020
44%
1573 Rubén Pérez MF 6 0 (0) 2014-2015
44%
506 Salvatore Aronica DF 78 0 (2) 2010-2013
44%
843 Salvatore Masiello DF, MF 39 0 (1) 2010-2011, 2012-2015
44%
1669 Salvatore Molina DF, MF 4 0 (0) 2014-2015
44%
1532 Sebastiano Esposito FW 7 1 (0) 2019-2020
44%
1175 Walace MF 20 0 (0) 2019-2020
44%
1075 Aaron Ramsey MF 24 3 (1) 2019-2020
41%
996 Adrien Rabiot MF 28 1 (1) 2019-2020
41%
765 Ante Rebić MF, FW 44 13 (3) 2013-2014, 2015-2016, 2019-2020
41%
1076 Antonio Bocchetti DF 24 0 (0) 2012-2013
41%
129 Artur Ioniță MF 174 12 (9) 2014-2020
41%
1385 Ashley Cole DF 11 0 (0) 2014-2015
41%
1197 Ashley Young DF, FW 18 4 (4) 2019-2020
41%
355 Bruno Alves DF 102 5 (1) 2016-2017, 2018-2020
41%
476 Ciprian Tătărușanu GK 81 0 (0) 2014-2017
41%
316 Cristian Molinaro DF, MF 111 3 (6) 2013-2019
41%
206 Darko Lazović DF, MF, FW 140 8 (18) 2015-2020
41%
342 Davide Santon DF 105 0 (4) 2010-2011, 2014-2020
41%
404 Davide Zappacosta DF, MF 94 5 (8) 2014-2017, 2019-2020
41%
121 Dušan Basta DF, MF 177 10 (13) 2011-2018
41%
823 Dušan Vlahović FW 40 6 (0) 2018-2020
41%
164 Ezequiel Schelotto DF, MF 156 9 (7) 2010-2014, 2018-2019
41%
1368 Giacomo Raspadori MF, FW 12 2 (0) 2018-2020
41%
423 Gianluca Curci GK 89 0 (0) 2010-2014
41%
581 Ilija Nestorovski MF, FW 65 14 (4) 2016-2017, 2019-2020
41%
425 Ishak Belfodil MF, FW 89 9 (7) 2011-2015
41%
359 Jordan Veretout MF 102 19 (4) 2017-2020
41%
444 José Luis Palomino DF 86 4 (2) 2017-2020
41%
755 Juan DF 46 5 (0) 2010-2012
41%
235 Keita Baldé MF, FW 134 31 (11) 2013-2016, 2018-2019
41%
222 Kevin Lasagna MF, FW 137 33 (7) 2015-2016, 2017-2020
41%
663 Krzysztof Piątek FW 55 26 (0) 2018-2020
41%
539 Leandro Paredes MF 71 6 (2) 2013-2017
41%
1166 Luís Neto DF 20 1 (0) 2012-2013
41%
614 Luiz Felipe DF 61 2 (3) 2017-2020
41%
1229 Lukas Podolski MF, FW 17 1 (1) 2014-2015
41%
144 Mariano Julio Izco MF 166 7 (9) 2010-2014, 2016-2018
41%
605 Mario Yepes DF 62 1 (0) 2010-2014
41%
606 Mateo Musacchio DF 62 1 (1) 2017-2020
41%
213 Matteo Brighi MF 139 6 (1) 2010-2015, 2018-2019
41%
1048 Maximiliano Olivera DF 26 0 (1) 2016-2017, 2019-2020
41%
829 Miloš Krasić MF 40 8 (8) 2010-2012
41%
631 Musa Barrow MF, FW 59 13 (7) 2017-2020
41%
467 Neto GK 83 0 (0) 2011-2017
41%
497 Nigel de Jong MF 79 6 (3) 2012-2016
41%
165 Panagiotis Tachtsidis MF 156 7 (13) 2012-2016, 2019-2020
41%
521 Patric DF 75 0 (1) 2015-2020
41%
1664 Pedro Neto MF, FW 4 0 (0) 2018-2019
41%
413 Pierluigi Gollini GK 93 0 (0) 2014-2020
41%
1188 Pietro Terracciano GK 19 0 (0) 2011-2012, 2018-2020
41%
52 Riccardo Meggiorini FW 229 20 (21) 2010-2019
41%
346 Roberto Gagliardini DF, MF 105 11 (4) 2015-2020
41%
611 Rubén Olivera MF 62 4 (9) 2010-2014
41%
1316 Salvatore Bocchetti DF 14 0 (0) 2014-2015, 2019-2020
41%
680 Samu Castillejo MF, FW 53 6 (5) 2018-2020
41%
69 Simone Missiroli MF 216 9 (7) 2010-2011, 2013-2020
41%
632 Simone Vergassola MF 59 2 (5) 2011-2013
41%
301 Abdoulay Konko DF, MF 115 1 (4) 2010-2017
37%
725 Adrian Mutu MF, FW 48 12 (3) 2010-2012
37%
1680 Alessio da Cruz MF, FW 3 0 (0) 2018-2019
37%
341 Amadou Diawara MF 105 2 (2) 2015-2020
37%
168 Andrea Cossu MF 153 7 (28) 2010-2014, 2017-2018
37%
271 Cesare Bovo DF 123 6 (3) 2010-2017
37%
184 Cristian Ledesma MF 147 5 (20) 2010-2015
37%
134 Diego Laxalt DF, MF 170 9 (12) 2013-2020
37%
312 Djamel Mesbah DF, MF 112 5 (4) 2010-2017
37%
386 Domenico Criscito DF, MF 97 10 (7) 2010-2011, 2018-2020
37%
1181 Eduardo Vargas MF, FW 19 0 (1) 2011-2013
37%
949 Emerson DF, MF 31 2 (0) 2013-2014
37%
729 Federico Ricci MF, FW 48 3 (1) 2013-2014, 2016-2018
37%
618 Felipe Melo DF, MF 60 2 (1) 2010-2011, 2015-2017
37%
759 Gabriel GK 45 0 (0) 2013-2014, 2015-2016, 2019-2020
37%
203 Giampiero Pinzi MF 141 8 (8) 2010-2016
37%
178 Giulio Migliaccio DF, MF 150 7 (2) 2010-2017
37%
243 Gonzalo Bergessio FW 132 36 (13) 2010-2015
37%
143 Iago Falque MF, FW 166 47 (26) 2014-2020
37%
801 José Sosa MF 42 1 (5) 2010-2011, 2016-2017
37%
317 Juan Manuel Vargas DF, MF 111 9 (13) 2010-2015
37%
313 Juan Zúñiga DF, MF 112 4 (11) 2010-2016
37%
344 Kévin Constant DF, MF 105 3 (6) 2010-2013, 2015-2016
37%
900 Koffi Djidji DF 34 0 (0) 2018-2020
37%
1083 Luca Castellazzi GK 24 0 (0) 2010-2013
37%
720 Luca Marrone DF, MF 49 2 (6) 2011-2013, 2015-2016
37%
1800 Luca Ricci DF 2 0 (0) 2011-2012
37%
954 Luis Jiménez MF, FW 31 9 (2) 2010-2011
37%
639 Marco Storari GK 58 0 (0) 2010-2014, 2016-2017
37%
259 Mariano Andújar GK 126 0 (0) 2010-2015
37%
1045 Marquinhos DF, MF 26 0 (0) 2012-2013
37%
24 Massimo Gobbi DF, MF 259 5 (15) 2010-2019
37%
236 Massimo Maccarone FW 134 33 (16) 2010-2011, 2014-2017
37%
1047 Matija Nastasić DF 26 2 (0) 2011-2013
37%
747 Matteo Pessina MF, FW 47 7 (1) 2018-2020
37%
508 Matteo Rubin DF, MF 77 1 (7) 2010-2014
37%
786 Mattia Zaccagni MF, FW 43 2 (5) 2015-2016, 2017-2018, 2019-2020
37%
335 M'Baye Niang MF, FW 107 17 (12) 2012-2018
37%
512 Michael Bradley DF, MF 76 3 (3) 2011-2014
37%
364 Miguel Britos DF 101 6 (1) 2010-2015
37%
172 Milan Badelj MF 153 8 (5) 2014-2020
37%
1086 Morten Thorsby MF 24 1 (1) 2019-2020
37%
889 Pablo Ledesma MF 35 2 (1) 2010-2012
37%
340 Rafael GK 106 0 (0) 2013-2017, 2019-2020
37%
1668 Rubinho GK 4 0 (0) 2012-2013, 2016-2017
37%
845 Simone Scuffet GK 39 0 (0) 2013-2014, 2016-2019
37%
974 Steven Nzonzi MF 30 1 (2) 2018-2019
37%
350 Vasilis Torosidis DF, MF 104 5 (0) 2012-2018
37%
1579 Víctor Ruiz DF, MF 6 0 (0) 2010-2011
37%
1294 Xherdan Shaqiri MF, FW 15 1 (2) 2014-2015
37%
371 Adam Masina DF 99 3 (5) 2015-2018
33%
218 Albano Bizzarri GK 137 0 (0) 2011-2018
33%
1295 Alberto Brignoli GK 14 1 (0) 2015-2016, 2017-2018
33%
1843 Alessandro Buongiorno DF 1 0 (0) 2017-2018
33%
118 Alessandro Gazzi MF 179 4 (6) 2010-2017
33%
930 Alexander Merkel MF 32 1 (0) 2010-2012, 2015-2016
33%
862 Amir Rrahmani DF 36 0 (1) 2019-2020
33%
456 Andrea Dossena DF, MF 84 3 (8) 2010-2013
33%
598 Andrea Pinamonti FW 62 10 (4) 2016-2020
33%
246 Angelo Palombo MF 131 3 (6) 2010-2017
33%
138 Antonio Floro Flores FW 167 32 (14) 2010-2017
33%
219 Antonio Nocerino MF 137 19 (6) 2010-2016
33%
140 Armando Izzo DF 166 7 (4) 2014-2020
33%
685 Bojan Krkić MF, FW 52 10 (3) 2011-2013
33%
251 Bruno Peres DF, MF 129 10 (11) 2014-2017, 2019-2020
33%
1216 Christian Eriksen MF, FW 17 1 (2) 2019-2020
33%
665 Cristian Brocchi MF 54 0 (2) 2010-2013
33%
477 Daniele Bonera DF 81 0 (0) 2010-2015
33%
272 Danilo Cataldi MF 122 6 (11) 2014-2020
33%
88 Davide Biondini MF 198 4 (7) 2010-2018
33%
1203 Djibril Cissé FW 18 1 (5) 2011-2012
33%
30 Emiliano Moretti DF 253 6 (7) 2010-2019
33%
1142 Everton Luiz MF 21 0 (0) 2017-2019
33%
422 Fabio Borini DF, MF, FW 89 16 (5) 2011-2012, 2017-2020
33%
962 Fernando Gago MF 30 1 (3) 2011-2012
33%
437 Filip Đuričić MF, FW 87 7 (8) 2016-2020
33%
1895 Filipe Oliveira DF, MF 1 0 (0) 2010-2011
33%
1037 Francesco Tavano FW 26 2 (1) 2014-2015
33%
392 Francesco Vicari DF 96 2 (1) 2017-2020
33%
451 Gaby Mudingayi MF 85 1 (1) 2010-2015
33%
629 Gaetano D'Agostino MF 59 10 (5) 2010-2013
33%
182 Gastón Ramírez MF, FW 148 26 (18) 2010-2011, 2017-2020
33%
703 Geoffrey Kondogbia DF, MF 50 2 (2) 2015-2017
33%
357 Giandomenico Mesto DF, MF 102 4 (4) 2010-2015
33%
431 Gianluca Lapadula FW 88 26 (4) 2016-2020
33%
351 Gianluca Pegolo GK 103 0 (0) 2011-2013, 2015-2020
33%
655 Gianluca Sansone FW 56 6 (3) 2012-2015
33%
1699 Gianluca Scamacca FW 3 0 (0) 2017-2018
33%
1115 Gino Peruzzi DF 22 1 (0) 2013-2014
33%
166 Giuseppe Vives MF 155 3 (8) 2010-2011, 2012-2017
33%
1020 Iván Córdoba DF 27 0 (0) 2010-2012
33%
19 Ivan Radovanović DF, MF 268 3 (4) 2010-2020
33%
280 Jakub Jankto MF, FW 120 11 (12) 2016-2020
33%
868 Joe Hart GK 36 0 (0) 2016-2017
33%
1792 Karamoko Cissé MF, FW 2 0 (0) 2017-2018
33%
1460 Mamadou Coulibaly MF 9 0 (0) 2016-2017
33%
1066 Marash Kumbulla DF 25 1 (0) 2019-2020
33%
407 Marco Marchionni MF 94 3 (7) 2010-2015
33%
985 Mario Lemina DF, MF 29 3 (1) 2015-2017
33%
924 Marko Pjaca MF, FW 33 1 (1) 2016-2017, 2018-2019
33%
842 Mark van Bommel MF 39 0 (0) 2010-2012
33%
988 Matthijs de Ligt DF 29 4 (0) 2019-2020
33%
1285 Mauro Goicoechea GK 15 0 (0) 2012-2013
33%
494 Mauro Zárate MF, FW 80 16 (10) 2010-2012, 2015-2017
33%
1251 Maxime Gonalons MF 16 0 (1) 2017-2018
33%
200 Maximiliano Moralez MF, FW 142 18 (20) 2011-2016
33%
885 McDonald Mariga MF 35 1 (1) 2010-2012, 2014-2015
33%
418 Michele Pazienza MF 91 3 (2) 2010-2014
33%
1009 Milan Đurić FW 28 2 (2) 2014-2015
33%
1102 Nemanja Vidić DF 23 1 (0) 2014-2015
33%
45 Nenad Tomović DF 235 3 (6) 2010-2020
33%
736 Nicola Pozzi FW 48 9 (3) 2010-2011, 2012-2015
33%
1815 Nicolas Anelka FW 2 0 (0) 2012-2013
33%
127 Nicola Sansone MF, FW 175 31 (23) 2012-2015, 2018-2020
33%
348 Nicolas Nkoulou DF 104 5 (0) 2017-2020
33%
905 Norbert Gyömbér DF, MF 34 1 (0) 2013-2014, 2015-2017
33%
475 Patrick Cutrone FW 82 17 (4) 2016-2020
33%
266 Pedro Obiang MF 124 5 (7) 2010-2011, 2012-2014, 2019-2020
33%
354 Rolando Mandragora MF 103 5 (4) 2014-2015, 2016-2020
33%
153 Rômulo DF, MF, FW 162 13 (22) 2011-2015, 2017-2020
33%
816 Ronaldo Vieira MF 41 0 (1) 2018-2020
33%
370 Sergio Almirón MF 100 9 (2) 2010-2014
33%
50 Sergio Floccari FW 230 37 (6) 2010-2020
33%
1533 Simon Poulsen DF 7 0 (0) 2012-2013
33%
1675 Taye Taiwo DF 4 0 (0) 2011-2012
33%
958 Tiemoué Bakayoko MF 31 1 (1) 2018-2019
33%
391 Urby Emanuelson DF, MF, FW 97 3 (13) 2010-2016
33%
300 Vincent Laurini DF 116 1 (3) 2014-2020
33%
1477 Wallace Oliveira DF 9 0 (0) 2013-2014, 2015-2016
33%
1054 Adam Ounas MF, FW 25 3 (0) 2017-2019
30%
128 Aleandro Rosi DF, MF 174 7 (5) 2010-2018
30%
751 Alfred Gomis GK 46 0 (0) 2017-2019
30%
584 Andrea Caracciolo FW 64 15 (4) 2010-2012
30%
1031 Andreas Skov Olsen DF, MF, FW 26 1 (0) 2019-2020
30%
914 Antonio Caracciolo DF 33 2 (4) 2017-2018
30%
776 Antonio Sanabria MF, FW 43 9 (2) 2013-2014, 2018-2020
30%
684 Bartłomiej Drągowski GK 52 0 (0) 2016-2020
30%
571 Bastos DF 66 6 (0) 2016-2020
30%
1163 Bogdan Lobonț GK 20 0 (0) 2010-2013
30%
490 Bram Nuytinck DF 80 1 (1) 2017-2020
30%
270 Carlos Carmona MF 123 5 (2) 2011-2017
30%
543 Cengiz Ünder MF, FW 70 13 (9) 2017-2020
30%
793 Charalambos Lykogiannis DF, FW 42 0 (3) 2017-2020
30%
1481 Cicinho DF 8 0 (1) 2010-2012
30%
83 Daniele Baselli MF 204 20 (15) 2013-2020
30%
596 David Di Michele FW 63 20 (8) 2010-2013
30%
1635 Davide Moro MF 4 0 (0) 2014-2015
30%
319 Diego Falcinelli MF, FW 110 17 (5) 2015-2019
30%
220 Erick Pulgar DF, MF 137 17 (9) 2015-2020
30%
492 Felipe Caicedo MF, FW 80 20 (6) 2017-2020
30%
1417 Fernando Torres FW 10 1 (0) 2014-2015
30%
1222 Gerard Deulofeu MF, FW 17 4 (3) 2016-2017
30%
183 Gianluca Caprari MF, FW 148 27 (9) 2010-2013, 2016-2020
30%
899 Giulio Donati DF, FW 34 1 (0) 2010-2011, 2019-2020
30%
580 Guillermo Giacomazzi MF 65 6 (7) 2010-2012
30%
1602 Héctor Moreno DF 5 0 (0) 2017-2018
30%
800 Henry Giménez MF, FW 42 3 (1) 2010-2013
30%
1039 Hirving Lozano MF, FW 26 4 (1) 2019-2020
30%
439 Iván Piris DF 87 0 (3) 2012-2013, 2014-2016
30%
1247 Ivan Provedel GK 16 0 (0) 2018-2019
30%
1923 Jacopo Da Riva MF 1 0 (0) 2019-2020
30%
1306 Javier Chevantón FW 14 2 (0) 2010-2011
30%
1022 José Ángel DF, MF 27 0 (1) 2011-2012
30%
1081 José Holebas DF, MF 24 1 (2) 2014-2015
30%
1065 Juan Pablo Carrizo GK 25 0 (0) 2011-2017
30%
1522 Júlio Baptista MF, FW 7 0 (0) 2010-2011
30%
185 Kamil Glik DF, MF 147 10 (2) 2010-2011, 2012-2016
30%
426 Lorenzo Tonelli DF 89 11 (0) 2014-2020
30%
352 Luigi Sepe GK 103 0 (0) 2014-2015, 2017-2020
30%
676 Luis Pedro Cavanda DF, MF 53 1 (1) 2010-2015
30%
1953 Lys Gomis GK 1 0 (0) 2013-2014
30%
65 Manuel Pasqual DF, MF 218 8 (26) 2010-2016, 2018-2019
30%
93 Marco Benassi MF, FW 196 26 (15) 2012-2020
30%
135 Marco Sau MF, FW 170 35 (12) 2012-2014, 2016-2019
30%
1613 Marek Jankulovski DF, MF 5 0 (0) 2010-2011
30%
452 Mario Santana MF 85 11 (6) 2010-2014
30%
968 Massimiliano Benassi GK 30 0 (0) 2010-2012
30%
388 Massimo Donati MF 97 4 (4) 2010-2014
30%
904 Massimo Oddo DF 34 1 (1) 2010-2012
30%
238 Maurizio Domizzi DF 133 5 (5) 2010-2016
30%
1169 Michael Essien DF, MF 20 0 (0) 2013-2015
30%
1252 Michel Bastos DF, MF 16 1 (0) 2013-2014
30%
173 Nicola Murru DF 153 0 (9) 2011-2014, 2016-2020
30%
136 Nicolás Spolli DF 170 5 (1) 2010-2019
30%
970 Nicolas Viola MF, FW 30 2 (6) 2012-2013, 2017-2018
30%
329 Omar El Kaddouri MF 108 12 (15) 2012-2017
30%
505 Patrik Schick MF, FW 78 16 (4) 2016-2019
30%
408 Raman Chibsah MF 94 1 (2) 2013-2015, 2017-2019
30%
1991 Raúl Moro FW 1 0 (0) 2019-2020
30%
769 Robin Olsen GK 44 0 (0) 2018-2020
30%
154 Saphir Taïder MF 162 10 (8) 2011-2018
30%
156 Sebastien De Maio DF 161 7 (3) 2010-2011, 2013-2020
30%
315 Seko Fofana MF 112 13 (12) 2016-2020
30%
910 Sofyan Amrabat DF, MF 34 1 (1) 2019-2020
30%
1626 Sokratis Papastathopoulos DF 5 0 (0) 2010-2011
30%
515 Stipe Perica FW 76 10 (1) 2014-2019
30%
1578 Valentino Lazaro DF, MF, FW 6 0 (1) 2019-2020
30%
738 Wesley Hoedt DF 48 2 (0) 2015-2017
30%
94 Afriyie Acquah MF 194 9 (5) 2010-2019
26%
449 Alberto Grassi DF, MF 85 5 (1) 2014-2020
26%
130 Alessandro Diamanti MF, FW 173 30 (27) 2010-2017
26%
1134 Andrea Cistana DF 21 1 (0) 2019-2020
26%
997 Arkadiusz Reca DF 28 0 (2) 2018-2020
26%
600 Artur Boruc GK 62 0 (0) 2010-2012
26%
915 Bruno Henrique MF 33 1 (3) 2016-2017
26%
961 Chris Smalling DF 30 3 (2) 2019-2020
26%
653 Christian Kouamé FW 56 10 (8) 2018-2020
26%
717 Ciro Capuano DF 49 1 (1) 2010-2014
26%
258 Cristian Zaccardo DF 126 7 (3) 2010-2016
26%
660 Dalbert Henrique DF, MF 55 0 (6) 2017-2020
26%
559 Daniel Ciofani FW 68 14 (3) 2015-2016, 2018-2019
26%
687 Daniele Corvia FW 52 8 (1) 2010-2012
26%
142 Daniele Gastaldello DF 166 7 (6) 2010-2011, 2012-2016, 2019-2020
26%
328 Daniele Portanova DF 108 7 (1) 2010-2014
26%
7 Danilo Larangeira DF 309 12 (2) 2011-2020
26%
896 David Ospina GK 34 0 (0) 2018-2020
26%
1594 Ebrima Colley MF, FW 5 0 (1) 2019-2020
26%
897 Ederson MF 34 3 (1) 2012-2015
26%
1639 Eljero Elia MF, FW 4 0 (0) 2011-2012
26%
536 Emanuele Calaiò FW 71 18 (4) 2011-2014
26%
1061 Enrico Brignola MF, FW 25 4 (2) 2017-2019
26%
1882 Enrico Zampa MF 1 0 (0) 2011-2012
26%
603 Érik Lamela MF, FW 62 19 (10) 2011-2013
26%
240 Ervin Zukanović DF 132 5 (3) 2014-2020
26%
1366 Fabio Liverani MF 12 0 (0) 2010-2011
26%
780 Fábio Simplício MF 43 8 (1) 2010-2012
26%
374 Facundo Roncaglia DF 99 4 (1) 2012-2016
26%
478 Filip Đorđević FW 81 12 (5) 2014-2016, 2018-2019
26%
836 Filippo Falco MF, FW 39 4 (6) 2015-2016, 2019-2020
26%
628 Filippo Romagna DF 59 0 (0) 2017-2020
26%
550 Frederik Sørensen DF 69 2 (2) 2010-2015
26%
1454 Gabriel Barbosa MF, FW 9 1 (0) 2016-2017
26%
393 Giovanni Pasquale DF 96 1 (5) 2010-2016
26%
279 Giuseppe Bellusci DF 120 1 (0) 2010-2013, 2016-2017
26%
212 Guglielmo Stendardo DF 139 7 (1) 2010-2017
26%
1117 Henrique DF 22 1 (1) 2013-2015
26%
742 Houssine Kharja MF 47 1 (5) 2010-2012
26%
782 Ivan Strinić DF 43 0 (4) 2014-2018
26%
1183 Jerdy Schouten DF, MF 19 0 (0) 2019-2020
26%
980 Jeremy Toljan DF, MF 29 1 (2) 2019-2020
26%
1079 Jerry Mbakogu FW 24 2 (2) 2015-2016
26%
662 Jonathan de Guzmán MF 55 6 (2) 2014-2017
26%
1003 Jonathan Zebina DF 28 0 (0) 2010-2011
26%
1791 Juan Antonio MF, FW 2 0 (0) 2012-2013
26%
673 Kakha Kaladze DF, MF 53 1 (0) 2010-2012
26%
1645 Liam Henderson MF 4 0 (0) 2019-2020
26%
26 Luca Rossettini DF 256 8 (6) 2011-2020
26%
1719 Luka Đorđević FW 3 0 (0) 2014-2015
26%
733 Maarten Stekelenburg GK 48 0 (0) 2011-2013
26%
1954 Manolo Portanova MF, FW 1 0 (0) 2018-2019
26%
226 Manuel Pucciarelli MF, FW 136 16 (6) 2014-2019
26%
427 Marcelo Estigarribia DF, MF 89 5 (5) 2011-2016
26%
252 Marco Andreolli DF 129 5 (0) 2010-2014, 2016-2019
26%
345 Marco Capuano DF 105 1 (0) 2012-2013, 2014-2015, 2016-2019
26%
1167 Mark Bresciano MF 20 0 (0) 2010-2011
26%
1250 Massimo Mutarelli MF 16 0 (2) 2010-2012
26%
803 Mathieu Flamini MF 42 7 (1) 2010-2013
26%
1233 Matteo Ciofani DF, MF 17 0 (1) 2015-2016
26%
987 Matteo Contini DF 29 0 (0) 2011-2013
26%
179 Mattia Cassani DF 150 1 (6) 2010-2016
26%
1313 Maya Yoshida DF 14 0 (1) 2019-2020
26%
1168 Merih Demiral DF 20 3 (1) 2018-2020
26%
1085 Mert Müldür DF 24 2 (1) 2019-2020
26%
339 Michel Morganella DF, MF 106 1 (5) 2011-2012, 2014-2017
26%
466 Mirco Antenucci FW 83 17 (4) 2010-2011, 2012-2013, 2017-2019
26%
294 Mirko Valdifiori MF 117 0 (10) 2014-2020
26%
453 Mohamed Fares DF, MF, FW 85 3 (2) 2014-2015, 2017-2020
26%
1464 Nicklas Bendtner FW 9 0 (0) 2012-2013
26%
486 Nicola Legrottaglie DF 81 9 (1) 2010-2014
26%
677 Nicolò Zaniolo MF, FW 53 10 (4) 2018-2020
26%
688 Omar Colley DF 52 0 (1) 2018-2020
26%
323 Raffaele Palladino MF, FW 110 13 (4) 2010-2014, 2016-2018
26%
908 Rafinha DF 34 2 (1) 2010-2011
26%
1236 Rafinha MF 17 2 (2) 2017-2018
26%
1103 Renan Garcia MF 23 2 (2) 2012-2014
26%
1212 Rodney Strasser MF 18 2 (0) 2010-2013
26%
1158 Salih Uçan MF 21 1 (2) 2014-2015, 2018-2019
26%
657 Santiago García DF 56 2 (0) 2010-2013
26%
435 Šime Vrsaljko DF, MF 88 0 (10) 2013-2015, 2018-2019
26%
1351 Simone Tiribocchi FW 13 2 (0) 2011-2012
26%
268 Stefano Okaka FW 124 28 (8) 2010-2011, 2013-2014, 2018-2020
26%
788 Stefano Sabelli DF 43 1 (3) 2015-2016, 2019-2020
26%
894 Takayuki Morimoto MF, FW 35 5 (1) 2010-2013
26%
994 Takehiro Tomiyasu DF 29 1 (3) 2019-2020
26%
522 Timothy Castagne DF 75 5 (6) 2017-2020
26%
1238 Tommaso Augello DF 17 0 (2) 2019-2020
26%
1260 Umar Sadiq FW 16 2 (1) 2015-2018
26%
817 Valeri Bojinov FW 41 4 (2) 2010-2012
26%
668 Wallace DF 54 1 (0) 2016-2019
26%
1354 Zdeněk Grygera DF 13 0 (0) 2010-2011
26%
790 Adel Taarabt MF, FW 42 6 (6) 2013-2014, 2016-2018
22%
712 Alessandro Deiola MF 49 1 (2) 2016-2020
22%
385 Alessio Cragno GK 97 0 (0) 2014-2015, 2017-2020
22%
1329 Alexis Saelemaekers DF, MF, FW 13 1 (0) 2019-2020
22%
1131 Alex Telles DF 21 0 (1) 2015-2016
22%
1505 Andrea Carboni DF 7 0 (0) 2019-2020
22%
714 Andreas Cornelius FW 49 15 (4) 2017-2018, 2019-2020
22%
594 Andreas Granqvist DF, MF 63 2 (1) 2011-2013
22%
1266 Antonio Filippini DF, MF 15 0 (0) 2010-2011
22%
652 Antonio Rüdiger DF 56 2 (1) 2015-2017
22%
1544 Aristóteles Romero MF, FW 6 0 (0) 2017-2018
22%
1685 Benedikt Höwedes DF 3 1 (0) 2017-2018
22%
1198 Bernardo Corradi FW 18 1 (1) 2010-2011
22%
692 Birkir Bjarnason MF, FW 51 2 (3) 2012-2013, 2019-2020
22%
716 Bryan Dabo DF, MF 49 3 (5) 2017-2020
22%
450 Christian Puggioni GK 85 0 (0) 2011-2013, 2016-2018
22%
643 Cristian Romero DF 57 3 (3) 2018-2020
22%
91 Daniele Dessena MF 196 9 (5) 2010-2014, 2016-2020
22%
491 Danilo Avelar DF, MF 80 4 (9) 2012-2017
22%
1217 Davide Possanzini MF, FW 17 0 (1) 2010-2011
22%
1866 David Mbodj Mbaye DF 1 0 (0) 2012-2013
22%
1552 David Suazo FW 6 0 (0) 2011-2012
22%
1202 Diego Forlán MF, FW 18 2 (3) 2011-2012
22%
1204 Duje Čop MF, FW 18 4 (0) 2014-2015, 2017-2018
22%
528 Emil Audero GK 73 0 (0) 2016-2017, 2018-2020
22%
1164 Emiliano Rigoni MF, FW 20 3 (1) 2018-2020
22%
501 Erjon Bogdani FW 78 14 (1) 2010-2013
22%
1062 Ernesto Torregrossa FW 25 7 (3) 2019-2020
22%
356 Eros Pisano DF 102 6 (0) 2011-2012, 2014-2016
22%
999 Ezequiel Carboni MF 28 0 (0) 2010-2011
22%
754 Fabiano Santacroce DF 46 0 (0) 2010-2012, 2014-2015
22%
375 Federico Balzaretti DF 99 3 (12) 2010-2015
22%
233 Federico Ceccherini DF 134 2 (0) 2013-2014, 2016-2020
22%
799 Federico Dionisi MF, FW 42 10 (4) 2013-2014, 2015-2016, 2018-2019
22%
544 Federico Mattiello DF, MF, FW 70 1 (3) 2014-2015, 2017-2020
22%
510 Federico Viviani MF 76 8 (11) 2011-2012, 2015-2019
22%
1774 Ferdinando Coppola GK 2 0 (0) 2012-2013, 2015-2016
22%
865 Fernando Muslera GK 36 0 (0) 2010-2011
22%
564 Francesco Antonioli GK 67 0 (0) 2010-2012
22%
917 Francesco Benussi GK 33 0 (0) 2010-2012, 2014-2016
22%
151 Francesco Lodi MF 162 25 (26) 2010-2017
22%
297 Francesco Pisano DF 116 1 (5) 2010-2015
22%
438 Franco Vázquez MF, FW 87 18 (17) 2011-2012, 2014-2016
22%
963 Gabriel Heinze DF 30 0 (0) 2011-2012
22%
918 Gaetano Castrovilli MF 33 3 (2) 2019-2020
22%
587 Gaetano Letizia DF, MF 64 2 (0) 2015-2016, 2017-2018
22%
293 Gennaro Sardo DF 117 5 (4) 2010-2017
22%
1146 Gianluca Grava DF 21 0 (0) 2010-2013
22%
424 Godfred Donsah MF 89 6 (6) 2013-2019
22%
919 Hernán Crespo FW 33 9 (0) 2010-2012
22%
254 Ibrahima Mbaye DF, MF 128 5 (5) 2013-2020
22%
1428 Jaime Romero MF, FW 10 0 (0) 2010-2011
22%
718 Jeda FW 49 8 (2) 2010-2012
22%
378 Jens Stryger Larsen DF 99 3 (8) 2017-2020
22%
981 Jesse Joronen GK 29 0 (0) 2019-2020
22%
839 Joachim Andersen DF 39 0 (1) 2017-2019
22%
936 John Arne Riise DF, MF 32 0 (6) 2010-2011
22%
1225 José Ángel Crespo DF 17 1 (0) 2011-2012, 2013-2014
22%
1004 Júlio Sérgio GK 28 0 (0) 2010-2012
22%
697 Justin Kluivert MF, FW 51 5 (7) 2018-2020
22%
1278 Kingsley Coman MF, FW 15 0 (2) 2014-2016
22%
664 Libor Kozák FW 55 10 (2) 2010-2013
22%
53 Luca Cigarini MF 227 9 (27) 2011-2020
22%
721 Luca Mazzitelli DF, MF 49 1 (3) 2013-2014, 2016-2020
22%
29 Luca Rigoni MF 254 28 (12) 2010-2019
22%
675 Luciano MF 53 2 (5) 2010-2013
22%
325 Maicon Sisenando DF 109 7 (15) 2010-2011, 2013-2016
22%
840 Maicosuel MF 39 3 (4) 2012-2014
22%
1007 Manuel Coppola MF 28 1 (0) 2010-2011, 2012-2013, 2014-2015
22%
870 Manuele Blasi MF 36 0 (0) 2010-2013
22%
1955 Maodo Malick Mbaye MF 1 0 (0) 2013-2014
22%
1008 Mapou Yanga-Mbiwa DF 28 1 (1) 2014-2015
22%
1957 Marco Brescianini MF 1 0 (0) 2019-2020
22%
1612 Marco Pisano DF 5 0 (0) 2010-2011
22%
638 Marco Rigoni MF 58 13 (9) 2011-2013
22%
1311 Marius Stankevičius DF, MF 14 0 (0) 2011-2013
22%
1654 Mattia Filippi FW 4 0 (0) 2011-2012
22%
1489 Mattia Viviani MF 8 0 (0) 2019-2020
22%
969 Maximiliano Pellegrino DF 30 0 (0) 2010-2011
22%
1491 Miguel Borja FW 8 0 (0) 2013-2014
22%
468 Nicola Rigoni MF 83 4 (2) 2010-2011, 2015-2019
22%
461 Pablo Barrientos MF 84 14 (11) 2011-2014
22%
1186 Paolo Bianco DF 19 0 (0) 2013-2015
22%
1087 Per Krøldrup DF 24 0 (0) 2010-2011, 2012-2013
22%
299 Pol Lirola DF, MF, FW 116 2 (13) 2016-2020
22%
1050 Raffaele Bianco MF 26 1 (3) 2015-2016
22%
610 Rene Krhin MF, FW 62 1 (0) 2010-2015
22%
1993 Riccardo Calafiori DF 1 0 (0) 2019-2020
22%
389 Riccardo Gagliolo DF 97 4 (4) 2015-2016, 2018-2020
22%
1378 Rick Karsdorp DF, FW 12 0 (1) 2017-2019
22%
369 Robert Acquafresca FW 100 13 (2) 2010-2013, 2015-2016
22%
1739 Roberto Piccoli FW 3 0 (0) 2018-2020
22%
990 Rodrigo Becão DF 29 1 (1) 2019-2020
22%
615 Rogério DF, MF 61 2 (3) 2017-2020
22%
874 Rolando DF 36 4 (0) 2012-2014
22%
909 Ruslan Malinovskyi MF, FW 34 8 (3) 2019-2020
22%
806 Sergio Romero GK 42 0 (0) 2012-2013, 2014-2015
22%
749 Simone Bentivoglio MF 47 3 (3) 2010-2011, 2013-2014
22%
1322 Stephen Appiah MF 14 0 (0) 2010-2011
22%
532 Thomas Manfredini DF 73 1 (2) 2011-2014
22%
849 Valentin Eysseric MF, FW 38 1 (2) 2017-2020
22%
249 Vangelis Moras DF 130 3 (2) 2010-2011, 2013-2016
22%
1442 Victor Obinna FW 10 2 (0) 2013-2014
22%
1325 Vitali Kutuzov FW 14 1 (0) 2010-2011
22%
1261 William Vainqueur MF 16 0 (2) 2015-2016
22%
401 Yohan Benalouane DF 95 2 (1) 2010-2015
22%
1407 Adriano Russo DF 10 1 (0) 2015-2016
19%
895 Alban Lafont GK 34 0 (0) 2018-2019
19%
711 Alberto Cerri FW 49 4 (0) 2012-2013, 2016-2017, 2018-2020
19%
1262 Alberto Fontana GK 15 0 (0) 2011-2012
19%
774 Aleksandar Trajkovski MF, FW 43 4 (1) 2015-2017
19%
1263 Alen Stevanović MF, FW 15 2 (1) 2012-2013
19%
1264 Alessandro Bruno MF 15 0 (0) 2016-2017
19%
1011 Alessandro Parisi DF 27 2 (1) 2010-2011
19%
808 Alessandro Rosina MF 41 6 (4) 2010-2011, 2012-2013
19%
421 Andrea Coda DF 90 0 (1) 2010-2017
19%
569 Antonín Barák MF, FW 66 9 (4) 2017-2020
19%
373 Bartosz Bereszyński DF 99 0 (3) 2016-2020
19%
230 Boukary Dramé DF, MF 135 2 (9) 2011-2018
19%
1511 Cabral MF 7 0 (1) 2013-2014
19%
851 Carlos Grossmüller MF 37 3 (2) 2010-2012
19%
1268 Chico Flores DF 15 0 (0) 2010-2011
19%
633 Claudio Terzi DF 58 2 (1) 2011-2012, 2014-2015
19%
686 Cristóbal Jorquera MF, FW 52 3 (8) 2011-2012, 2014-2015
19%
1335 Daniele Cacia FW 13 0 (0) 2013-2014
19%
1033 Darijo Srna DF 26 0 (3) 2018-2019
19%
403 Davide Faraoni DF, MF 94 8 (7) 2011-2012, 2016-2017, 2019-2020
19%
417 Davide Moscardelli FW 91 12 (3) 2010-2014
19%
383 Dennis Praet MF, FW 98 4 (7) 2016-2019
19%
1059 Dimitri Bisoli MF 25 1 (1) 2019-2020
19%
1638 Edgar Çani FW 4 0 (0) 2012-2013
19%
368 Edoardo Goldaniga DF 100 7 (1) 2015-2020
19%
1111 Emanuel Rivas MF 22 1 (2) 2010-2011
19%
194 Emil Hallfreðsson MF, FW 144 4 (17) 2013-2019
19%
1452 Emílson Cribari DF 9 0 (0) 2010-2011
19%
1219 Fabián Rinaudo MF 17 0 (0) 2013-2014
19%
137 Fabrizio Cacciatore DF 169 7 (9) 2010-2011, 2013-2020
19%
654 Federico Santander DF, FW 56 9 (3) 2018-2020
19%
1114 Florian Ayé MF, FW 22 0 (0) 2019-2020
19%
1597 Francesco Grandolfo FW 5 3 (0) 2010-2012
19%
1420 Gastón Pereiro MF, FW 10 1 (0) 2019-2020
19%
377 Germán Pezzella DF 99 6 (2) 2017-2020
19%
979 Giangiacomo Magnani DF 29 1 (1) 2018-2020
19%
1777 Gianluca Gaetano MF, FW 2 0 (0) 2018-2019
19%
398 Gianni Munari MF 95 5 (7) 2010-2013, 2016-2017, 2018-2019
19%
1038 Giorgos Kyriakopoulos DF, FW 26 0 (1) 2019-2020
19%
248 Giuseppe Biava DF 130 8 (1) 2010-2015
19%
667 Giuseppe Mascara FW 54 8 (6) 2010-2012
19%
574 Giuseppe Pezzella DF, MF, FW 66 0 (0) 2015-2020
19%
406 György Garics DF, MF 94 2 (5) 2010-2014
19%
935 Hernani MF, FW 32 0 (4) 2019-2020
19%
743 Ignacio Pussetto MF, FW 47 5 (4) 2018-2020
19%
1040 Igor DF 26 0 (1) 2019-2020
19%
1427 Iván Marcano DF 10 0 (0) 2018-2019
19%
630 Jeremie Boga MF, FW 59 14 (3) 2018-2020
19%
964 Joaquín Larrivey FW 30 7 (1) 2011-2013
19%
982 Jonathas FW 29 3 (0) 2010-2011, 2012-2013
19%
756 Koray Günter DF 46 0 (0) 2018-2020
19%
938 Lasse Schöne MF 32 2 (3) 2019-2020
19%
1024 Leandro Rinaudo DF 27 1 (0) 2010-2011, 2013-2014
19%
1280 Leonel Vangioni DF, MF 15 0 (0) 2016-2017
19%
1941 Lorenzo Colombo FW 1 0 (0) 2019-2020
19%
746 Lorenzo Venuti DF, MF 47 0 (2) 2017-2018, 2019-2020
19%
472 Lorik Cana DF, MF 82 4 (1) 2011-2015
19%
318 Luca Ceppitelli DF 111 6 (1) 2014-2015, 2016-2020
19%
1043 Lucas Ocampos MF, FW 26 3 (2) 2016-2017
19%
1567 Luc Castaignos FW 6 1 (0) 2011-2012
19%
784 Luciano Zauri DF 43 0 (0) 2010-2013
19%
1721 Marco Festa GK 3 0 (0) 2016-2017
19%
1232 Marco van Ginkel MF, FW 17 1 (1) 2014-2015
19%
503 Mariusz Stępiński MF, FW 78 14 (3) 2017-2020
19%
802 Massimo Coda FW 42 6 (4) 2014-2015, 2017-2018
19%
394 Mato Jajalo MF 96 2 (3) 2014-2016, 2019-2020
19%
530 Mattia Bani DF 73 4 (0) 2017-2020
19%
440 Mattia Valoti MF, FW 87 9 (1) 2014-2015, 2017-2020
19%
445 Matuzalém MF 86 2 (8) 2010-2013, 2015-2016
19%
237 Michael Agazzi GK 134 0 (0) 2010-2014
19%
735 Michaël Ciani DF 48 1 (1) 2012-2015
19%
1570 Michele Rinaldi DF 6 0 (0) 2010-2011
19%
1728 Michu MF, FW 3 0 (0) 2014-2015
19%
1659 Mirko Antonucci MF, FW 4 0 (1) 2017-2018, 2019-2020
19%
1101 Mohamed Sissoko MF 23 0 (1) 2010-2011, 2012-2013
19%
887 Nahitan Nández DF, MF 35 2 (3) 2019-2020
19%
380 Nenê FW 99 15 (6) 2010-2015
19%
608 Nicola Leali GK 62 0 (0) 2010-2011, 2014-2016
19%
859 Nícolas Andrade GK 37 0 (0) 2013-2014, 2017-2018
19%
1254 Nicolás Domínguez MF, FW 16 0 (1) 2019-2020
19%
1466 Nicolas Haas MF 9 0 (0) 2017-2018
19%
1817 Nicolò Rovella MF 2 0 (0) 2019-2020
19%
513 Ogenyi Onazi MF 76 4 (4) 2011-2016
19%
989 Pablo Granoche FW 29 1 (1) 2010-2012
19%
1985 Papa Waigo MF, FW 1 0 (0) 2010-2011
19%
873 Pedro Mendes DF 36 0 (0) 2013-2015
19%
1010 Philippe Coutinho MF, FW 28 3 (1) 2010-2013
19%
907 Rafael Cabral GK 34 0 (0) 2013-2014, 2016-2017, 2018-2019
19%
892 Rafael Márquez DF, MF 35 0 (2) 2014-2016
19%
942 Reginaldo FW 32 3 (1) 2011-2013
19%
1823 Roberto Colombo GK 2 0 (0) 2013-2014, 2016-2017
19%
117 Roberto Soriano MF 180 24 (18) 2012-2015, 2018-2020
19%
770 Simeon Nwankwo FW 44 10 (1) 2016-2018
19%
1292 Simone Loria DF 15 3 (0) 2010-2012
19%
395 Steve von Bergen DF 96 1 (2) 2010-2013
19%
1627 Tommaso Berni GK 5 0 (0) 2010-2011, 2012-2013
19%
1837 Wladimiro Falcone GK 2 0 (0) 2019-2020
19%
1498 Yann M'Vila MF 8 0 (0) 2014-2015
19%
448 Željko Brkić GK 86 0 (0) 2011-2016
19%
557 Achraf Lazaar DF, MF 68 4 (5) 2014-2015, 2017-2018
15%
690 Ádám Nagy MF 51 1 (1) 2016-2019
15%
1327 Alessandro Bernardini DF 13 0 (0) 2013-2014
15%
1844 Alessandro Mastalli MF 1 0 (0) 2014-2015
15%
1383 Alessandro Sgrigna MF, FW 11 1 (2) 2012-2013
15%
1584 Andrea Campagnolo GK 5 0 (0) 2010-2012
15%
471 Andrea Mantovani DF 82 2 (1) 2010-2014
15%
740 Andrea Raggi DF 47 0 (0) 2010-2012
15%
261 Andrea Rispoli DF, MF 124 6 (9) 2010-2011, 2014-2016, 2019-2020
15%
913 Ante Budimir FW 33 6 (0) 2016-2018
15%
1758 Asmir Begović GK 2 0 (0) 2019-2020
15%
601 Assane Dioussé MF 62 0 (0) 2015-2016, 2018-2019
15%
570 Bartosz Salamon DF, MF 66 0 (0) 2013-2014, 2016-2020
15%
1634 Cédric Soares DF, MF 4 0 (1) 2018-2019
15%
1091 Christian Obodo MF 23 0 (1) 2011-2012
15%
274 Cristian Ansaldi DF, MF, FW 121 8 (14) 2015-2020
15%
878 Cristian Llama MF 35 1 (6) 2010-2013
15%
1762 Cristiano Lupatelli GK 2 0 (0) 2010-2011, 2012-2013
15%
367 Daniele Croce MF 100 2 (4) 2014-2017
15%
634 Daniele Mannini MF 58 2 (1) 2010-2013
15%
948 Daniele Ragatzu MF, FW 31 2 (0) 2010-2011, 2019-2020
15%
1871 Dídac Vilà DF 1 0 (0) 2010-2011
15%
1271 Diego Demme DF, MF 15 1 (0) 2019-2020
15%
976 Diego Fabbrini MF, FW 29 3 (1) 2011-2013
15%
854 Eduardo Carvalho GK 37 0 (0) 2010-2011
15%
1060 Elvis Abbruscato FW 25 2 (0) 2012-2013
15%
778 Emerson Palmieri DF, MF 43 1 (1) 2014-2018
15%
694 Enzo Maresca MF 51 4 (1) 2012-2016
15%
766 Fabio Lucioni DF 44 3 (0) 2017-2018, 2019-2020
15%
797 Federico Agliardi GK 42 0 (0) 2011-2012, 2014-2015
15%
824 Federico Bonazzoli MF, FW 40 6 (0) 2013-2015, 2017-2018, 2019-2020
15%
1220 Fernando Marqués MF 17 1 (1) 2010-2012
15%
702 Francesco Bardi GK 50 0 (0) 2013-2015, 2018-2019
15%
619 Francesco Modesto DF, MF 60 4 (0) 2010-2013
15%
225 Franco Brienza MF, FW 136 17 (16) 2011-2016
15%
1905 Gabriele Marchegiani GK 1 0 (0) 2017-2018
15%
1775 Gaston Camara MF, FW 2 0 (0) 2014-2015
15%
589 Gerson MF, FW 64 5 (4) 2016-2019
15%
1908 Giacomo Beretta FW 1 0 (0) 2010-2011
15%
732 Gianluca Comotto DF 48 0 (0) 2010-2012
15%
260 Giovanni Marchese DF 125 6 (7) 2010-2017
15%
1064 Giuseppe De Feudis MF 25 0 (0) 2014-2015
15%
551 Giuseppe Sculli MF, FW 69 8 (9) 2010-2014
15%
552 Guido Marilungo FW 69 5 (5) 2010-2014, 2016-2017
15%
695 Guilherme MF, FW 51 2 (5) 2014-2015, 2017-2018
15%
1603 Hélder Postiga FW 5 0 (0) 2013-2014
15%
1783 Ianis Hagi MF, FW 2 0 (0) 2016-2017
15%
745 Innocent Emeghara FW 47 11 (4) 2012-2014
15%
661 Jaime Valdés MF, FW 55 5 (4) 2011-2014
15%
1929 Jens Odgaard MF, FW 1 0 (0) 2018-2019
15%
1006 Leonardo Blanchard DF 28 3 (1) 2015-2016
15%
591 Levan Mchedlidze MF, FW 64 10 (1) 2014-2016, 2018-2019
15%
360 Lorenzo Ariaudo DF 102 1 (0) 2010-2015, 2018-2019
15%
481 Lorenzo Crisetig MF 81 0 (2) 2014-2019
15%
1943 Lorenzo Pirola DF 1 0 (0) 2019-2020
15%
813 Lucas Boyé FW 41 0 (3) 2016-2018
15%
857 Lucas Paquetá MF, FW 37 1 (2) 2018-2020
15%
459 Marcello Trotta FW 84 11 (7) 2015-2019
15%
460 Marco Biagianti MF 84 0 (1) 2010-2014
15%
656 Marco Donadel MF 56 2 (0) 2010-2011, 2012-2014
15%
923 Marco Mancosu MF, FW 33 14 (2) 2019-2020
15%
1959 Marco Padalino DF, MF 1 0 (0) 2010-2011
15%
1462 Mario Suárez MF 9 1 (0) 2015-2016
15%
641 Marko Livaja MF, FW 58 5 (1) 2011-2013, 2015-2016
15%
561 Massimo Paci DF 68 3 (0) 2010-2013
15%
1153 Matteo Mancosu FW 21 2 (0) 2015-2016
15%
734 Mattias Svanberg MF, FW 48 1 (5) 2018-2020
15%
828 Maurício DF 40 0 (0) 2014-2015, 2017-2018
15%
322 Michele Canini DF 110 2 (0) 2010-2014
15%
847 Mirko Gori MF 38 0 (0) 2015-2016, 2018-2019
15%
1122 Mounir El Hamdaoui MF, FW 22 4 (1) 2012-2013, 2014-2015
15%
1974 Nana Welbeck MF 1 0 (0) 2010-2011
15%
1209 Nani MF, FW 18 3 (1) 2017-2018
15%
1618 Nathaniel Chalobah DF, MF 5 0 (0) 2015-2016
15%
1660 Neuton DF 4 0 (0) 2011-2012
15%
609 Ola Aina DF 62 1 (5) 2018-2020
15%
955 Omar Milanetto MF 31 2 (3) 2010-2011
15%
971 Paolo Castellini DF 30 0 (0) 2010-2011, 2012-2014
15%
906 Paolo Ghiglione DF, MF, FW 34 1 (5) 2018-2020
15%
498 Paolo Sammarco MF 79 8 (3) 2010-2011, 2015-2016, 2018-2019
15%
890 Paulinho FW 35 15 (3) 2013-2014
15%
1286 Paweł Dawidowicz DF 15 1 (0) 2019-2020
15%
891 Rafael Marques DF 35 0 (0) 2013-2015
15%
1990 Raoul Bellanova DF, FW 1 0 (0) 2019-2020
15%
198 Riccardo Saponara MF, FW 144 20 (29) 2013-2020
15%
227 Roberto Inglese FW 136 38 (6) 2015-2020
15%
1289 Roger Carvalho DF 15 0 (0) 2011-2013
15%
442 Ryder Matos MF, FW 87 2 (2) 2013-2014, 2015-2018
15%
748 Samir Ujkani GK 47 0 (0) 2011-2012, 2014-2015, 2019-2020
15%
1126 Sebastiano Luperto DF 22 0 (0) 2014-2015, 2018-2020
15%
1318 Sebastian Walukiewicz DF 14 0 (0) 2019-2020
15%
709 Shkodran Mustafi DF 50 1 (1) 2012-2014
15%
247 Silvan Widmer DF, MF, FW 131 5 (12) 2013-2018
15%
1191 Silvestre Varela MF, FW 19 3 (1) 2014-2015
15%
1828 Simone Rosso MF 2 0 (0) 2014-2015
15%
1831 Souleymane Diamoutene DF 2 1 (0) 2010-2011
15%
1832 Stefano Turati GK 2 0 (0) 2019-2020
15%
1833 Szymon Żurkowski MF 2 0 (0) 2019-2020
15%
332 Thiago Cionek DF 108 1 (5) 2015-2020
15%
447 Valerio Verre MF, FW 86 3 (5) 2012-2013, 2016-2017, 2019-2020
15%
253 Vasco Regini DF 129 0 (7) 2013-2020
15%
819 Vlad Chiricheș DF 41 3 (0) 2015-2020
15%
1053 Vladimir Koman MF 26 0 (0) 2010-2011
15%
1129 Vladimír Weiss MF, FW 22 4 (4) 2012-2013
15%
959 Yann Karamoh MF, FW 31 2 (1) 2017-2020
15%
683 Abdelkader Ghezzal FW 52 2 (0) 2010-2011, 2014-2015
11%
402 Adrian Stoian MF, FW 94 8 (7) 2012-2013, 2016-2018
11%
1055 Agim Ibraimi MF, FW 25 2 (2) 2013-2014
11%
772 Ahmad Benali MF, FW 43 7 (3) 2016-2018
11%
1355 Alberto Giuliatto DF 12 0 (0) 2010-2011
11%
1502 Alberto Pomini GK 7 0 (0) 2013-2015
11%
1539 Alejandro Faurlín MF 6 0 (0) 2012-2013
11%
296 Alessandro Agostini DF 116 0 (2) 2010-2011, 2013-2015
11%
1541 Alessandro Lambrughi DF 6 0 (0) 2013-2014
11%
533 Alessandro Murgia MF 71 2 (4) 2016-2020
11%
1132 Amin Younes MF, FW 21 4 (2) 2018-2020
11%
1542 Anderson Lima DF, MF 6 0 (0) 2019-2020
11%
1331 Andi Lila DF, MF 13 2 (0) 2014-2015
11%
1332 Anthony Réveillère DF 13 0 (0) 2013-2014
11%
1240 Antonio Buscè MF 16 0 (0) 2010-2011
11%
752 Armin Bačinović MF 46 2 (0) 2010-2012
11%
1386 Assane Gnoukouri MF 11 0 (0) 2014-2017
11%
1333 Bacary Sagna DF 13 1 (0) 2017-2018
11%
336 Boško Janković MF 106 14 (6) 2010-2016
11%
1077 Brayan Perea FW 24 1 (1) 2013-2015
11%
916 Camillo Ciano MF, FW 33 7 (4) 2018-2019
11%
396 Cesare Natali DF 95 3 (1) 2010-2015
11%
1389 Cheick Diabaté FW 11 8 (0) 2017-2018
11%
1860 Christian Dalle Mura FW 1 0 (0) 2019-2020
11%
1547 Clément Grenier MF 6 0 (1) 2016-2017
11%
1761 Cristian Chávez MF, FW 2 0 (0) 2011-2012
11%
366 Cristian Raimondi DF, MF 100 1 (7) 2011-2017
11%
602 Daniel Bessa MF, FW 62 4 (4) 2017-2019
11%
795 Daniele Capelli DF 42 0 (0) 2011-2012, 2014-2015
11%
534 Daniele Galloppa MF 71 2 (3) 2010-2015
11%
1137 Daniele Paponi FW 21 2 (0) 2010-2014
11%
1550 Daniel Jensen MF 6 0 (0) 2011-2012
11%
794 Daniel Pavlović DF, MF 42 0 (6) 2015-2018
11%
832 Danilo Soddimo MF, FW 39 1 (3) 2012-2013, 2015-2016, 2018-2019
11%
430 Davide Biraschi DF 88 0 (2) 2016-2020
11%
1110 Davide Di Gennaro MF, FW 22 2 (5) 2016-2018
11%
1014 Davide Mandelli DF 27 2 (0) 2010-2012
11%
1448 Davide Succi FW 9 2 (0) 2014-2015
11%
932 Dejan Lazarević MF 32 2 (2) 2013-2015
11%
1592 Dejan Stojanović GK 5 0 (0) 2012-2014
11%
1766 Demba Thiam GK 2 0 (0) 2019-2020
11%
1140 Diego Capel MF 21 0 (0) 2015-2016
11%
215 Diego Farias MF, FW 138 23 (13) 2013-2014, 2016-2020
11%
361 Domenico Maietta DF 101 0 (2) 2013-2014, 2015-2019
11%
1692 Douglas Santos DF, MF 3 0 (0) 2013-2014
11%
126 Emmanuel Agyemang-Badu MF 175 10 (7) 2010-2016, 2018-2020
11%
175 Ezequiel Muñoz DF 151 2 (1) 2010-2012, 2014-2017
11%
436 Fabio Depaoli DF, MF 87 0 (5) 2016-2020
11%
320 Fabio Pisacane DF 110 3 (2) 2016-2020
11%
1301 Facundo Parra FW 14 0 (0) 2012-2013
11%
1303 Fernando Belluschi MF 14 1 (1) 2011-2012
11%
1367 Fernando Uribe FW 12 2 (0) 2010-2012
11%
1896 Filippo Melegoni DF, MF, FW 1 0 (0) 2016-2017
11%
1339 Francesco Marianini MF 13 1 (0) 2011-2012
11%
1453 Francesco Parravicini MF 9 0 (0) 2011-2012
11%
465 Francesco Valiani MF 83 3 (6) 2010-2013
11%
565 Francesco Zampano DF, MF 67 0 (7) 2016-2019
11%
1144 Franck Ribéry MF, FW 21 3 (3) 2019-2020
11%
1518 Gabriele Moncini MF, FW 7 0 (0) 2014-2015, 2018-2020
11%
588 Gastón Brugman MF, FW 64 1 (4) 2015-2016, 2019-2020
11%
545 Gianpaolo Bellini DF 70 2 (1) 2011-2016
11%
768 Giuseppe Gemiti DF, MF 44 1 (3) 2011-2012, 2013-2014
11%
1456 Grigoris Kastanos DF, MF, FW 9 0 (0) 2016-2017, 2018-2019
11%
1342 Haris Seferović FW 13 0 (0) 2010-2013
11%
1423 Hasan Salihamidžić DF, MF 10 0 (1) 2010-2011
11%
838 Hassan Yebda MF 39 0 (0) 2010-2011, 2013-2014
11%
1424 Hugo Almeida FW 10 0 (1) 2014-2015
11%
1604 Ignacio Fideleff DF 5 0 (0) 2011-2013
11%
744 Igor Budan FW 47 8 (4) 2010-2013
11%
1785 Isaac Donkor DF 2 0 (0) 2014-2015
11%
1924 Jacopo Dezi MF, FW 1 0 (0) 2018-2019
11%
1001 Jaroslav Plašil MF 28 1 (1) 2013-2014
11%
1041 Jhon Chancellor DF 26 3 (0) 2019-2020
11%
1224 Joel Campbell MF, FW 17 0 (3) 2018-2019
11%
1307 José Ignacio Castillo FW 14 1 (0) 2010-2011
11%
1706 Joseph Minala MF 3 0 (0) 2013-2014
11%
1458 Josip Radošević MF 9 0 (0) 2013-2015
11%
1608 Kamil Kopúnek MF 5 0 (0) 2010-2011
11%
1005 Kévin Malcuit DF, MF 28 0 (2) 2018-2020
11%
480 Ladislav Krejčí DF, MF, FW 81 2 (11) 2016-2020
11%
298 Leandro Greco MF 116 5 (7) 2010-2011, 2013-2016
11%
1279 Leonardo Migliónico DF 15 0 (0) 2011-2012
11%
1523 Leonardo Morosini DF, MF, FW 7 0 (0) 2016-2017, 2019-2020
11%
1309 Lorenco Šimić DF 14 1 (0) 2017-2019
11%
1151 Lorenzo Pasciuti MF 21 2 (3) 2015-2016
11%
1945 Lorenzo Tassi MF 1 0 (0) 2010-2011
11%
1566 Louis Saha FW 6 0 (0) 2012-2013
11%
921 Lucas Digne DF, MF 33 3 (3) 2015-2016
11%
334 Luca Siligardi MF, FW 107 8 (4) 2010-2011, 2013-2014, 2015-2016, 2018-2020
11%
540 Lucas Torreira MF 71 4 (2) 2016-2018
11%
1649 Luca Vido MF, FW 4 0 (0) 2017-2018
11%
901 Luka Krajnc DF 34 0 (1) 2012-2013, 2014-2015, 2018-2019
11%
1282 Mame Baba Thiam MF, FW 15 1 (1) 2016-2017
11%
577 Marcel Büchel MF 66 2 (1) 2015-2018
11%
387 Marcello Gazzola DF, MF 97 1 (2) 2013-2019
11%
902 Marcelo Larrondo FW 34 4 (0) 2011-2015
11%
640 Marcos Alonso DF, MF 58 4 (7) 2013-2017
11%
1347 Marco Tumminello DF, FW 13 3 (1) 2015-2016, 2017-2019
11%
903 Mariano Bogliacino MF 34 1 (3) 2010-2011
11%
1432 Mario Bolatti MF 10 0 (0) 2010-2011
11%
1433 Marko Janković DF, MF, FW 10 0 (0) 2018-2020
11%
1725 Martín Montoya DF, MF 3 0 (0) 2015-2016
11%
1653 Massimo Zappino GK 4 0 (0) 2015-2016
11%
1084 Mathias Ranégie FW 24 1 (0) 2012-2014
11%
986 Matteo Bianchetti DF 29 1 (0) 2013-2015, 2017-2018
11%
815 Matteo Scozzarella MF 41 0 (6) 2012-2013, 2018-2020
11%
1283 Matteo Sereni GK 15 0 (0) 2010-2011
11%
1284 Mauro Boselli FW 15 2 (0) 2010-2011, 2012-2013
11%
804 Mehdi Léris DF, MF, FW 42 1 (3) 2017-2020
11%
1100 Mervan Çelik MF, FW 23 4 (0) 2012-2013
11%
1436 Micah Richards DF 10 0 (0) 2014-2015
11%
1069 Michelangelo Albertazzi DF 25 0 (1) 2013-2014, 2015-2016
11%
1120 Michele Arcari GK 22 0 (0) 2010-2011
11%
1400 Milan Biševac DF 11 1 (0) 2015-2016
11%
509 Modibo Diakité DF 77 2 (1) 2010-2011, 2013-2016
11%
1349 Moris Carrozzieri DF, FW 13 0 (0) 2010-2012
11%
1253 Nahuel Valentini DF 16 0 (0) 2013-2014
11%
1494 Nélson Marcos DF 8 1 (0) 2012-2013
11%
1495 Nicola Ravaglia GK 8 0 (0) 2011-2012
11%
888 Nicolás Bertolo MF 35 3 (2) 2011-2013
11%
1571 Nicolás Castillo FW 6 0 (0) 2015-2016
11%
607 Nico Pulzetti MF 62 2 (2) 2010-2012, 2014-2015
11%
514 Pasquale Schiattarella MF 76 1 (10) 2013-2014, 2017-2019
11%
1189 Rachid Ghezzal MF, FW 19 1 (0) 2019-2020
11%
757 Ragnar Klavan DF 46 0 (0) 2018-2020
11%
623 Raphael Martinho MF 60 2 (2) 2010-2011, 2013-2014, 2015-2016
11%
1257 Rey Manaj FW 16 2 (0) 2015-2017
11%
1288 Ricardo Centurión MF, FW 15 0 (0) 2013-2014, 2017-2018
11%
1258 Ricardo Kishna MF, FW 16 2 (0) 2015-2017
11%
1667 Riccardo Taddei MF, FW 4 0 (0) 2010-2011
11%
578 Robin Quaison MF, FW 66 7 (3) 2014-2017
11%
547 Rodrigo Taddei DF, FW 70 3 (1) 2010-2014
11%
1439 Roger Ibanez DF 10 0 (0) 2018-2020
11%
1157 Roland Sallai MF, FW 21 1 (0) 2016-2017
11%
390 Samir Santos DF 97 6 (3) 2015-2020
11%
1125 Samuel Di Carmine MF, FW 22 8 (0) 2019-2020
11%
562 Saša Lukić MF 68 3 (1) 2016-2017, 2018-2020
11%
1214 Senna Miangue DF, FW 18 0 (1) 2016-2018
11%
1290 Simone Calvano MF 15 0 (0) 2017-2018
11%
526 Simone Iacoponi DF 74 2 (0) 2018-2020
11%
1671 Simone Muratore MF 4 0 (0) 2019-2020
11%
1320 Sotiris Ninis MF, FW 14 0 (2) 2012-2013
11%
563 Soualiho Meïté MF 68 2 (6) 2018-2020
11%
2007 Stefano Beltrame MF, FW 1 0 (0) 2012-2013
11%
281 Stefano Lucchini DF 120 2 (1) 2010-2015
11%
567 Stefano Morrone MF 67 2 (1) 2010-2013
11%
1576 Stefan Ristovski DF, MF 6 0 (0) 2014-2015
11%
1474 Stefan Simić DF 9 0 (0) 2017-2018
11%
286 Thomas Heurtaux DF 119 5 (3) 2012-2018
11%
2015 Trent Sainsbury DF 1 0 (0) 2016-2017
11%
1381 Victor Moses DF, MF, FW 12 0 (3) 2019-2020
11%
764 Vid Belec GK 45 0 (0) 2015-2016, 2017-2018
11%
1324 Vincenzo Fiorillo GK 14 0 (0) 2013-2014, 2016-2017
11%
724 Vitor Hugo DF 49 1 (2) 2017-2019
11%
582 William Troost-Ekong DF, MF 65 0 (0) 2018-2020
11%
2019 Žan Celar FW 1 0 (0) 2018-2019
11%
1192 Zé Eduardo MF 19 1 (1) 2010-2011, 2014-2015
11%
1239 Zé Eduardo FW 17 1 (0) 2011-2013
11%
1839 Abdou Lahat Diakhate MF 1 0 (0) 2018-2019
7%
1479 Adama Soumaoro DF 8 1 (0) 2019-2020
7%
1537 Adrian Šemper GK 6 0 (0) 2018-2019
7%
1751 Aleksa Terzić DF 2 0 (0) 2019-2020
7%
1356 Alessandro Budel MF 12 0 (0) 2010-2011
7%
1160 Alessandro Frara MF 20 2 (0) 2015-2016
7%
739 Alessio Sestu MF 47 1 (5) 2011-2014
7%
701 Alexander Farnerud MF 50 5 (5) 2013-2016
7%
470 Álex Berenguer DF, MF, FW 82 9 (8) 2017-2020
7%
1845 Alex Calderoni GK 1 0 (0) 2010-2011
7%
861 Alexis Rolín DF 36 0 (0) 2012-2014
7%
791 Almen Abdi MF 42 0 (0) 2010-2012
7%
960 Andrea Beghetto DF, MF 30 0 (3) 2016-2017, 2018-2019
7%
1012 Andrea Favilli DF, FW 27 0 (2) 2015-2016, 2018-2020
7%
1135 Andrea Lisuzzo DF 21 0 (0) 2011-2012
7%
821 Andrea Nalini MF, FW 40 2 (4) 2016-2018
7%
1162 Andrey Galabinov FW 20 3 (1) 2017-2018
7%
599 Ângelo DF, MF 62 1 (4) 2010-2013
7%
548 Angelo da Costa Júnior GK 69 0 (0) 2010-2011, 2012-2013, 2015-2017, 2019-2020
7%
1756 Ante Ćorić MF 2 0 (0) 2018-2019
7%
616 Antonino Barillà DF, MF 60 4 (4) 2013-2014, 2018-2020
7%
651 Antonino Ragusa MF, FW 56 4 (3) 2014-2015, 2016-2018
7%
1757 Antonio Adán GK 2 0 (0) 2013-2014
7%
691 Antonio Balzano DF 51 0 (2) 2012-2013, 2014-2015
7%
658 Antonio Barreca DF, MF, FW 55 0 (3) 2016-2017, 2019-2020
7%
1853 Antonio Palma MF 1 0 (0) 2012-2013
7%
715 Antonio Rosati GK 49 0 (0) 2010-2013, 2019-2020
7%
333 Archimede Morleo DF 107 1 (2) 2010-2013, 2015-2017
7%
1196 Arturo Calabresi DF 18 1 (0) 2018-2019
7%
659 Bojan Jokić DF, MF 55 0 (1) 2010-2013
7%
1631 Boris Radunović GK 4 0 (0) 2015-2016, 2019-2020
7%
463 Bruno Martella DF, MF 83 1 (3) 2016-2017, 2019-2020
7%
1241 Bruno Zuculini MF 16 2 (0) 2017-2018
7%
1413 Carlalberto Ludi DF 10 0 (0) 2011-2012
7%
1388 Carlos Labrín DF 11 0 (0) 2011-2013
7%
1760 César Meza Colli MF, FW 2 0 (0) 2011-2012
7%
931 Christian Terlizzi DF 32 4 (0) 2010-2011, 2012-2013
7%
1200 Claiton DF 18 0 (0) 2013-2014, 2016-2017
7%
1136 Cristiano Piccini DF 21 0 (1) 2010-2011, 2013-2014
7%
1862 Cristóbal Montiel MF, FW 1 0 (0) 2018-2019
7%
1178 Damiano Ferronetti DF, MF 19 1 (0) 2011-2013
7%
1863 Daniel Fuzato GK 1 0 (0) 2019-2020
7%
1139 Davide Baiocco MF 21 0 (1) 2010-2011
7%
1482 Davide Bassi GK 8 0 (0) 2014-2016
7%
1013 Davide Lanzafame MF, FW 27 1 (1) 2010-2012
7%
1201 Davide Zoboli DF 18 2 (0) 2010-2011
7%
880 Dawid Kownacki MF, FW 35 6 (3) 2017-2019
7%
1691 Denis Alibec FW 3 0 (0) 2010-2011, 2013-2014
7%
1637 Dimitris Nikolaou DF 4 0 (0) 2018-2019
7%
881 Dominique Malonga FW 35 2 (2) 2010-2012
7%
1363 Dorlan Pabón MF, FW 12 0 (0) 2012-2013
7%
516 Edenílson MF, FW 75 0 (7) 2014-2017
7%
1205 Edward Ofere MF, FW 18 3 (1) 2010-2012
7%
796 Emil Krafth DF 42 0 (0) 2015-2018
7%
1299 Erik Huseklepp MF, FW 14 2 (2) 2010-2011
7%
1218 Eugênio Rômulo Togni MF 17 2 (1) 2012-2013
7%
998 Éver Banega MF 28 6 (6) 2016-2017
7%
1113 Fabián Monzón DF 22 2 (1) 2013-2014
7%
978 Fabiano DF, MF 29 1 (1) 2010-2011
7%
1036 Fabio Ceravolo FW 26 2 (0) 2017-2019
7%
549 Federico Barba DF 69 2 (2) 2014-2016, 2018-2019
7%
405 Federico Di Francesco DF, MF, FW 94 9 (6) 2012-2013, 2016-2020
7%
1416 Ferdinando Sforzini FW 10 0 (0) 2012-2013
7%
898 Fernando Tissone MF 34 1 (2) 2010-2011, 2012-2013
7%
1017 Francesco Bega DF 27 1 (0) 2010-2011
7%
671 Francesco Cassata DF, MF, FW 53 5 (2) 2017-2020
7%
1245 Franco Zuculini MF, FW 16 0 (0) 2010-2011, 2015-2016, 2017-2018
7%
731 Gabriele Angella DF 48 5 (0) 2010-2011, 2012-2013, 2016-2018
7%
933 Gabriel Strefezza DF, MF, FW 32 1 (2) 2019-2020
7%
1145 Gabriel Torje MF, FW 21 2 (1) 2011-2012
7%
1063 Gergely Rudolf FW 25 3 (1) 2010-2011
7%
1911 Giacomo Vrioni FW 1 0 (0) 2019-2020
7%
1341 Gianluca Di Chiara DF 13 0 (0) 2017-2018
7%
1912 Gianluca Frabotta DF, MF 1 0 (0) 2019-2020
7%
950 Haitam Aleesami DF, MF 31 1 (3) 2016-2017
7%
920 Hidde ter Avest DF, MF 33 0 (1) 2018-2020
7%
1118 Igor Bubnjić DF 22 0 (0) 2013-2016
7%
289 Isaac Cofie MF 118 3 (3) 2012-2018
7%
1786 Ivan Fatić DF, MF 2 0 (0) 2010-2011
7%
1372 Ivan Pelizzoli GK 12 0 (0) 2010-2011, 2012-2013
7%
1277 Jean-Christophe Bahebeck MF, FW 15 4 (1) 2016-2017
7%
1928 Jean-Christophe Coubronne DF 1 0 (0) 2011-2012
7%
719 Joaquín MF, FW 49 4 (6) 2013-2015
7%
645 Jonathan Moreira DF 57 4 (6) 2011-2015
7%
952 Jonathan Rossini DF 31 0 (1) 2012-2014
7%
1457 Jorge Teixeira DF 9 0 (0) 2012-2013
7%
965 Josip Posavec GK 30 0 (0) 2015-2017
7%
432 Juanito FW 88 12 (8) 2013-2016
7%
1226 Juan Quintero MF, FW 17 1 (2) 2012-2013
7%
953 Kamil Vacek MF 31 1 (0) 2011-2013
7%
1248 Kastriot Dermaku DF 16 0 (0) 2019-2020
7%
1345 Kevin Agudelo MF, FW 13 1 (1) 2019-2020
7%
705 Kevin Bonifazi DF 50 4 (1) 2017-2020
7%
1643 Kiril Despodov MF, FW 4 0 (0) 2018-2019
7%
1609 Leandro Cabrera DF 5 0 (0) 2017-2018
7%
674 Ledian Memushaj MF 53 1 (3) 2016-2018
7%
783 Leonardo Capezzi MF 43 0 (1) 2016-2019
7%
1459 Lino Marzorati DF 9 1 (0) 2013-2014
7%
706 Lionel Scaloni DF, MF 50 1 (1) 2010-2015
7%
1025 Lorenzo Lollo MF 27 3 (1) 2015-2016
7%
1646 Lorenzo Squizzi GK 4 0 (0) 2010-2011, 2012-2014
7%
1714 Luca Lezzerini GK 3 0 (0) 2015-2017
7%
1949 Luca Martinelli DF 1 0 (0) 2015-2016
7%
1715 Luca Ranieri DF 3 0 (0) 2019-2020
7%
1650 Lucas Piazon MF, FW 4 0 (0) 2018-2019
7%
1716 Lucas Souza MF 3 0 (0) 2014-2015
7%
1952 Lukas Spendlhofer DF 1 0 (0) 2012-2013
7%
967 Łukasz Teodorczyk FW 30 1 (1) 2018-2020
7%
1431 Manuel Giandonato MF 10 0 (0) 2010-2012
7%
1044 Marco Calderoni DF 26 3 (2) 2019-2020
7%
216 Marco D'Alessandro DF, MF, FW 138 7 (7) 2010-2011, 2014-2020
7%
1722 Marco Olivieri FW 3 0 (0) 2019-2020
7%
1960 Marco Vittiglio 0 1 1 (0) 2012-2013
7%
1961 Marco Vittiglio 0 1 1 (0) 2012-2013
7%
647 Marco Zambelli DF, MF 57 0 (2) 2010-2011, 2015-2017
7%
814 Marlon DF 41 1 (0) 2018-2020
7%
1962 Martí Riverola MF 1 0 (0) 2012-2013
7%
1806 Matěj Vydra MF, FW 2 0 (0) 2010-2011
7%
1046 Matías Cabrera MF 26 1 (2) 2012-2014
7%
1966 Matteo Lovato DF 1 0 (0) 2019-2020
7%
1970 Maurizio Pugliesi GK 1 0 (0) 2015-2016
7%
723 Mehdi Bourabia MF 49 2 (2) 2018-2020
7%
1208 Michele Camporese DF 18 1 (0) 2010-2011, 2015-2016
7%
1049 Michele Marcolini MF 26 2 (1) 2010-2011
7%
1808 Michel Ndary Adopo DF, MF 2 0 (0) 2019-2020
7%
708 Migjen Basha MF 50 2 (1) 2012-2015
7%
428 Mikael Antonsson DF 89 0 (0) 2011-2014
7%
1814 Moussa Diaby MF, FW 2 0 (0) 2017-2018
7%
1493 Musa Juwara DF, MF, FW 8 1 (0) 2018-2020
7%
496 Nenad Krstičić MF 79 2 (3) 2012-2016
7%
1376 Nicola Bellomo MF 12 1 (1) 2013-2015
7%
858 Nicola Belmonte DF 37 0 (0) 2010-2012, 2014-2015
7%
1171 Nicola Pavarini GK 20 0 (0) 2010-2014
7%
1437 Nicolás Bianchi Arce DF 10 0 (0) 2012-2013
7%
1401 Nicolò Brighenti DF 11 0 (0) 2018-2019
7%
349 Nicolò Cherubin DF 104 4 (1) 2010-2016
7%
1979 Nicolò Fazzi DF, MF 1 0 (0) 2016-2017
7%
1981 Nnamdi Oduamadi MF, FW 1 0 (0) 2010-2011
7%
1172 Norbert Balogh FW 20 0 (0) 2015-2017
7%
1733 Odion Ighalo FW 3 0 (0) 2010-2011
7%
1173 Oliver Kragl DF, MF 20 1 (0) 2015-2016, 2017-2018
7%
384 Oscar Hiljemark MF 98 7 (8) 2015-2019
7%
761 Raffaele Maiello MF 45 0 (0) 2010-2011, 2015-2016, 2018-2019
7%
1190 Raffaele Rubino FW 19 2 (0) 2011-2012
7%
700 Reto Ziegler DF, MF 51 1 (1) 2010-2011, 2013-2014
7%
1438 Riza Durmisi DF 10 0 (1) 2018-2019
7%
1088 Robert Gucher MF 24 0 (0) 2015-2016
7%
1237 Roberto Crivello DF 17 0 (1) 2015-2016
7%
487 Roberto Guana MF 81 1 (2) 2010-2014
7%
1740 Rodrigo Ely DF 3 0 (0) 2015-2016
7%
1997 Roope Riski FW 1 0 (0) 2010-2011
7%
805 Samuel Souprayen DF 42 0 (0) 2015-2016, 2017-2018
7%
787 Santiago Gentiletti DF 43 1 (1) 2014-2018
7%
1317 Santiago Morero DF 14 0 (0) 2010-2012
7%
1029 Sebastián Leto MF, FW 27 3 (1) 2013-2014
7%
927 Serge Gakpé MF, FW 33 4 (1) 2015-2017
7%
1473 Simone Colombi GK 9 0 (0) 2014-2015, 2019-2020
7%
1319 Simone Dallamano DF 14 1 (0) 2010-2011
7%
1291 Simone Del Nero DF, FW 15 2 (0) 2010-2012
7%
1829 Simone Sini DF 2 0 (0) 2010-2011
7%
462 Siniša Anđelković DF 84 0 (2) 2010-2011, 2014-2017
7%
973 Sofian Kiyine DF, MF, FW 30 0 (1) 2016-2017, 2018-2019
7%
2009 Stephy Mavididi FW 1 0 (0) 2018-2019
7%
592 Thiago Ribeiro FW 64 6 (2) 2011-2013
7%
771 Tiberio Guarente MF 44 2 (2) 2012-2015
7%
1746 Tomáš Košický GK 3 0 (1) 2011-2012
7%
818 Vittorio Parigini DF, MF, FW 41 0 (0) 2016-2019
7%
1443 Abderrazzak Jadid MF, FW 9 0 (0) 2011-2012
4%
1749 Abou Diop FW 2 0 (0) 2012-2013
4%
1750 Achille Coser GK 2 0 (0) 2011-2012
4%
1536 Adalberto Peñaranda MF, FW 6 0 (0) 2016-2017
4%
626 Adrián Ricchiuti MF 59 1 (4) 2010-2013
4%
1501 Adrien Tameze DF, MF 7 0 (0) 2019-2020
4%
1678 Ahmed Hegazi DF 3 0 (0) 2012-2014
4%
1193 Alberto Frison GK 18 0 (0) 2012-2014
4%
773 Aleksandar Tonev MF, FW 43 1 (1) 2015-2018
4%
944 Aleš Matějů DF 31 0 (1) 2019-2020
4%
1130 Alessandro Crescenzi DF 21 0 (1) 2016-2017
4%
1408 Alessandro Piu FW 10 0 (0) 2015-2016
4%
1358 Alessandro Semprini DF 12 1 (0) 2019-2020
4%
1752 Alessandro Tripaldelli DF 2 0 (0) 2019-2020
4%
1215 Alex Pinardi MF 17 0 (1) 2010-2012
4%
558 Ali Adnan Kadhim DF, MF, FW 68 1 (2) 2015-2019
4%
1330 Alin Toșca DF 13 0 (0) 2017-2018
4%
1753 Ali Sowe FW 2 0 (0) 2012-2013
4%
1105 Aljaž Struna DF, MF 22 1 (0) 2015-2016
4%
1681 Amad Diallo MF, FW 3 1 (0) 2019-2020
4%
1194 Amato Ciciretti MF, FW 18 2 (1) 2017-2019
4%
1057 Amidu Salifu MF 25 0 (0) 2010-2013
4%
583 Andrea Barberis MF 64 2 (4) 2016-2018
4%
1133 Andrea Catellani FW 21 1 (1) 2011-2012
4%
1445 Andrea Fulignati GK 9 0 (0) 2016-2017
4%
1682 Andrea Ghion MF, FW 3 0 (0) 2019-2020
4%
1360 Andrea La Mantia MF, FW 12 2 (0) 2019-2020
4%
1161 Andrea Mazzarani MF 20 1 (1) 2011-2012
4%
1384 Andrea Papetti DF 11 1 (0) 2019-2020
4%
1090 Andrea Tabanelli MF 23 1 (0) 2013-2014, 2019-2020
4%
1195 Andrés Tello DF, MF, FW 18 0 (0) 2016-2017
4%
1755 Andrew Gravillon DF 2 0 (0) 2017-2018
4%
975 Andrija Balić MF, FW 29 1 (1) 2016-2019
4%
1410 Anselmo de Moraes MF 10 1 (0) 2012-2013
4%
809 Anthony Mounier MF, FW 41 4 (2) 2015-2017
4%
947 Antonino La Gumina MF, FW 31 2 (2) 2014-2015, 2018-2020
4%
1683 Antonio Loi MF 3 0 (0) 2013-2014
4%
811 Arlind Ajeti DF 41 2 (1) 2015-2018
4%
1296 Biagio Meccariello DF 14 1 (0) 2019-2020
4%
1387 Bobby Adekanye MF, FW 11 1 (0) 2019-2020
4%
1510 Bosko Sutalo DF 7 0 (0) 2019-2020
4%
1480 Brayan Vera DF, FW 8 0 (1) 2019-2020
4%
1267 Bruno Gaspar DF 15 0 (2) 2017-2018
4%
1107 Bruno Pereirinha DF, MF 22 0 (1) 2012-2015
4%
1857 Bruno Uvini DF 1 0 (0) 2013-2014
4%
1632 Carlão DF, MF 4 0 (0) 2016-2017
4%
1361 Carlos Apna Embaló MF, FW 12 0 (1) 2016-2017
4%
1199 Carlos Salcedo DF 18 0 (1) 2016-2017
4%
1546 Christian Nørgaard MF 6 0 (0) 2018-2019
4%
1587 Ciro Polito GK 5 0 (0) 2011-2013
4%
1548 Cristian Battocchio MF 6 0 (0) 2010-2013
4%
879 Cristiano Lombardi DF, MF, FW 35 1 (2) 2016-2018
4%
1032 Cristian Pasquato MF, FW 26 2 (1) 2011-2013
4%
693 Cristian Tello MF, FW 51 6 (8) 2015-2017
4%
1270 Damjan Đoković MF 15 0 (0) 2011-2012
4%
1512 Daniel Pudil DF, FW 7 1 (0) 2011-2012
4%
1765 Davide Bariti MF 2 0 (0) 2013-2014
4%
1867 Davide Di Molfetta MF, FW 1 0 (0) 2014-2015
4%
1138 Dávid Ivan MF 21 1 (0) 2015-2016
4%
1391 Denis Vavro DF 11 0 (0) 2019-2020
4%
1242 Diego Novaretti DF 16 0 (0) 2013-2015
4%
1872 Diego Polenta DF, MF 1 0 (0) 2010-2011
4%
1449 Diogo Figueiras DF, MF 9 1 (0) 2015-2016
4%
1875 Dolly Menga FW 1 0 (0) 2012-2013
4%
1244 Dorin Goian DF 16 1 (0) 2010-2011
4%
1180 Eddie Salcedo MF, FW 19 1 (0) 2017-2018, 2019-2020
4%
1141 Edson Braafheid DF 21 0 (1) 2014-2016
4%
1015 Egidio Arévalo MF 27 2 (2) 2012-2013
4%
1767 Elio Capradossi DF 2 0 (0) 2017-2018
4%
1693 Emanuele Belardi GK 3 0 (0) 2010-2011
4%
627 Emmanuel Cascione MF 59 3 (1) 2012-2013, 2014-2015
4%
1694 Enis Nadarević MF 3 0 (0) 2012-2013
4%
1094 Eran Zahavi MF, FW 23 2 (2) 2011-2013
4%
1883 Ettore Gliozzi FW 1 0 (0) 2013-2014
4%
617 Fabián Ruiz Peña MF 60 8 (10) 2018-2020
4%
834 Fabio Daprelà DF, MF 39 0 (0) 2010-2011, 2014-2016
4%
1888 Facundo Lescano FW 1 0 (0) 2014-2015
4%
666 Federico Casarini MF 54 1 (2) 2010-2013
4%
1302 Federico Macheda FW 14 0 (0) 2010-2011
4%
1893 Federico Serra MF 1 0 (0) 2016-2017
4%
1555 Fernandinho DF, MF 6 0 (0) 2014-2015
4%
882 Fernando MF 35 4 (2) 2015-2016
4%
1516 Ferreira Pinto MF 7 0 (0) 2011-2012
4%
1898 Francesco Forte FW 1 0 (0) 2012-2013
4%
1517 Franco Semioli MF 7 0 (0) 2010-2011
4%
376 Gabriele Perico DF 99 0 (0) 2010-2015
4%
1906 Gaël Kakuta MF, FW 1 0 (0) 2013-2014
4%
866 Gennaro Delvecchio MF 36 1 (0) 2010-2012
4%
1910 Giacomo Poluzzi GK 1 0 (0) 2018-2019
4%
1484 Giammario Piscitella FW 8 0 (1) 2011-2013
4%
1641 Gianluca Galasso DF 4 0 (0) 2010-2011
4%
1701 Giannelli Imbula MF 3 0 (0) 2019-2020
4%
825 Giannis Fetfatzidis MF 40 4 (3) 2013-2015
4%
1394 Giovanni Crociata DF, MF, FW 11 1 (0) 2017-2018
4%
573 Giuseppe Colucci MF 66 1 (3) 2010-2013
4%
1916 Giuseppe Cuomo DF 1 0 (0) 2016-2017
4%
1395 Giuseppe Rizzo MF 11 0 (0) 2012-2013
4%
1781 Gonçalo Brandão DF 2 0 (0) 2011-2012
4%
1599 Gonzalo Maroni MF, FW 5 0 (1) 2019-2020
4%
1455 Gonzalo Villar MF 9 0 (0) 2019-2020
4%
1601 Gregory van der Wiel DF 5 0 (0) 2017-2018
4%
1703 Hans Nicolussi Caviglia MF 3 0 (0) 2018-2019
4%
1371 Hörður Magnússon DF 12 0 (0) 2014-2015
4%
867 Ignacio Piatti MF, FW 36 3 (1) 2010-2012
4%
1920 Ilario Monterisi DF 1 0 (0) 2019-2020
4%
1343 Issa Cissokho DF 13 0 (1) 2015-2016
4%
1922 Ivan Vargić GK 1 0 (0) 2016-2017
4%
517 Ivaylo Chochev MF 75 6 (5) 2014-2017
4%
1275 Jakub Błaszczykowski MF 15 2 (1) 2015-2016
4%
1276 Javier Saviola FW 15 1 (2) 2014-2015
4%
1605 Jean-Claude Billong DF 5 0 (0) 2017-2018
4%
1373 Joel Ekstrand DF 12 0 (0) 2010-2012
4%
1607 Johan Djourou DF 5 0 (0) 2018-2019
4%
1082 José María Basanta DF 24 2 (0) 2014-2015
4%
1934 Juan Manuel Valencia FW 1 0 (0) 2018-2019
4%
1396 Juan Sánchez Miño DF, MF 11 0 (1) 2014-2015
4%
1150 Karim Laribi MF, FW 21 0 (1) 2013-2014, 2015-2016
4%
1096 Keko MF, FW 23 1 (1) 2012-2014
4%
1023 Kevin Mirallas MF, FW 27 2 (1) 2018-2019
4%
1794 Lamin Jallow FW 2 0 (0) 2016-2017
4%
538 Lazaros Christodoulopoulos MF, FW 71 5 (7) 2012-2016
4%
1937 Leonardo Pettinari MF 1 0 (0) 2011-2012
4%
1042 Leo Štulac MF 26 0 (2) 2018-2019
4%
1942 Lorenzo Di Livio MF 1 0 (0) 2015-2016
4%
637 Luca Antei DF 58 1 (2) 2013-2018
4%
646 Luca Ceccarelli DF, MF 57 2 (7) 2010-2012
4%
1165 Luca Garritano DF, MF, FW 20 0 (0) 2012-2013, 2014-2015, 2017-2018
4%
812 Luca Paganini DF, MF, FW 41 4 (2) 2015-2016, 2018-2019
4%
613 Luca Rizzo MF 61 3 (2) 2014-2018
4%
1397 Lucas Orbán DF 11 0 (0) 2016-2017
4%
1717 Lucien Agoume MF 3 0 (0) 2019-2020
4%
1718 Luigi Rana FW 3 0 (0) 2010-2011
4%
869 Lyanco DF 36 1 (0) 2017-2020
4%
1803 Mamadou Kanouté MF, FW 2 0 (0) 2017-2018
4%
1723 Marcos de Paula FW 3 0 (0) 2010-2011
4%
622 Marcus Rohdén MF 60 3 (4) 2016-2018
4%
1568 Mario Paglialunga MF 6 1 (0) 2012-2013
4%
483 Mario Sampirisi DF, MF 81 1 (1) 2011-2013, 2016-2018
4%
785 Marios Oikonomou DF 43 0 (1) 2013-2014, 2015-2018
4%
1724 Marko Vešović DF, MF 3 0 (0) 2013-2014
4%
1963 Martin Palumbo MF, FW 1 0 (0) 2019-2020
4%
722 Massimo Volta DF 49 1 (2) 2010-2011, 2014-2015
4%
1119 Matteo Centurioni DF 22 0 (0) 2011-2012
4%
1098 Maxime Lestienne MF, FW 23 1 (2) 2014-2015
4%
1099 Maxwell Acosty MF, FW 23 0 (0) 2011-2012, 2013-2014, 2016-2017
4%
1121 Michele Ferri DF 22 0 (0) 2011-2013
4%
1809 Michele Somma DF 2 0 (0) 2014-2015
4%
1070 Miha Zajc MF, FW 25 4 (2) 2016-2017, 2018-2019
4%
848 Mitchell Dijks DF 38 1 (0) 2018-2020
4%
1813 Moritz Leitner MF 2 0 (0) 2016-2017
4%
1071 Moussa Konaté FW 25 1 (2) 2013-2014
4%
1154 Naldo DF 21 0 (0) 2012-2014
4%
1170 Niccolò Giannetti DF, FW 20 0 (0) 2010-2011, 2016-2018
4%
1976 Niccolò Zanellato MF 1 0 (0) 2017-2018
4%
1465 Nicolao Dumitru MF, FW 9 0 (0) 2010-2011
4%
1155 Nicolás Córdova MF 21 2 (1) 2010-2011
4%
1978 Nicolás Gorobsov DF, MF 1 0 (0) 2010-2011
4%
1980 Nicolò Lolli FW 1 0 (0) 2011-2012
4%
1527 Nikola Gulan DF, MF 7 0 (0) 2010-2012
4%
1982 Nunzio Di Roberto FW 1 0 (0) 2016-2017
4%
1661 Nwankwo Obiora DF, MF 4 0 (1) 2010-2012
4%
1026 Orji Okwonkwo MF, FW 27 3 (0) 2016-2019
4%
1735 Osarimen Ebagua FW 3 0 (0) 2011-2012
4%
1819 Ouasim Bouy DF, MF 2 0 (0) 2016-2017
4%
419 Paolo Faragò DF, MF 91 4 (6) 2016-2020
4%
1469 Pasquale Foggia MF, FW 9 0 (0) 2010-2011
4%
1528 Paul Codrea DF, MF 7 0 (0) 2010-2012
4%
872 Paul-Jose M'Poku MF, FW 36 3 (2) 2014-2016
4%
972 Paweł Jaroszyński DF 30 0 (0) 2017-2019
4%
679 Paweł Wszołek DF, MF 53 1 (5) 2013-2016
4%
1619 Petar Brlek MF 5 0 (0) 2017-2018
4%
1235 Pietro Accardi DF 17 1 (0) 2010-2011
4%
925 Pietro Iemmello FW 33 7 (1) 2016-2018
4%
1256 Pontus Jansson DF 16 1 (0) 2014-2016
4%
1736 Raffaele Pucino DF 3 0 (0) 2013-2014
4%
762 Riccardo Cazzola MF 45 0 (1) 2011-2015
4%
1104 Richmond Boakye FW 23 3 (0) 2010-2011, 2014-2015
4%
1822 Róbert Feczesin FW 2 0 (0) 2010-2011
4%
1622 Robert Murić MF, FW 5 1 (0) 2016-2017
4%
1213 Rodrigo Aguirre FW 18 1 (1) 2014-2016
4%
1402 Rolando Aarons MF, FW 11 0 (0) 2017-2018
4%
957 Rubén Botta MF 31 0 (1) 2013-2015
4%
1530 Salvador Ichazo GK 7 0 (0) 2014-2015, 2018-2019
4%
1471 Samuel Armenteros FW 9 1 (0) 2017-2018
4%
1531 Sauli Väisänen DF 7 0 (0) 2017-2018
4%
1825 Silvio Proto GK 2 0 (0) 2018-2019
4%
1625 Simone Benedetti DF 5 0 (1) 2014-2015
4%
876 Simone Edera MF, FW 36 2 (2) 2015-2016, 2017-2020
4%
1826 Simone Gozzi DF 2 0 (0) 2011-2012
4%
992 Simone Pesce MF 29 1 (0) 2010-2012
4%
2003 Simone Pinna DF 1 0 (0) 2019-2020
4%
1352 Souleymane Doukara MF, FW 13 0 (0) 2012-2014
4%
943 Stefano Ferrario DF 32 1 (1) 2010-2012
4%
877 Stefano Guberti MF 36 5 (2) 2010-2011
4%
1577 Stefano Pettinari MF, FW 6 0 (0) 2016-2017
4%
1128 Stephane Omeonga DF, MF 22 0 (0) 2017-2019
4%
1475 Thomas Vermaelen DF 9 0 (0) 2016-2017
4%
1834 Tin Jedvaj DF 2 0 (0) 2013-2014
4%
1835 Toni Doblas GK 2 0 (0) 2013-2014
4%
1476 Valerio Di Cesare DF 9 0 (0) 2012-2013
4%
1628 Vasyl Pryima DF 5 0 (0) 2015-2016
4%
1382 Vincenzo Millico MF, FW 12 0 (0) 2018-2020
4%
1293 Vincenzo Rennella FW 15 1 (0) 2011-2012
4%
2017 Vitalie Damașcan FW 1 0 (0) 2018-2019
4%
929 Vlada Avramov GK 33 0 (0) 2010-2015
4%
2018 Walter Bressan GK 1 0 (0) 2014-2015
4%
1676 Wilfried Singo DF 4 1 (0) 2019-2020
4%
1580 Yıldırım Mert Çetin DF, MF 6 0 (0) 2019-2020
4%
1838 Aaron Tabacchi FW 1 0 (0) 2015-2016
0%
1499 Abdelhamid El Kaoutari DF 7 1 (0) 2015-2016
0%
1500 Accursio Bentivegna FW 7 0 (0) 2014-2017
0%
1159 Ádám Vass MF 20 0 (1) 2010-2011
0%
1406 Adrián Calello MF 10 0 (0) 2012-2014
0%
1582 Adryan MF, FW 5 0 (0) 2013-2014
0%
1677 Agon Mehmeti FW 3 0 (0) 2011-2012
0%
1326 Alan Empereur DF 13 0 (0) 2019-2020
0%
1538 Alassane També DF 6 0 (0) 2014-2015
0%
1840 Alberto Libertazzi FW 1 0 (0) 2010-2011
0%
1841 Alberto Marchiori DF 1 0 (0) 2011-2012
0%
1444 Alberto Pelagotti GK 9 0 (0) 2015-2017
0%
1540 Aleksandar Pešić FW 6 0 (0) 2016-2017
0%
1842 Alessandro Bastrini DF 1 0 (0) 2013-2014
0%
1357 Alessandro Carrozza MF 12 0 (0) 2011-2012
0%
1503 Alessandro Iacobucci GK 7 0 (0) 2014-2015
0%
669 Alessandro Longhi DF 53 1 (3) 2013-2016
0%
945 Alessandro Potenza DF 31 0 (0) 2010-2013
0%
1328 Alexandre Geijo FW 13 1 (0) 2014-2015
0%
1359 Alexandros Tzorvas GK 12 0 (0) 2011-2013
0%
1265 Alexandru Mitriță MF, FW 15 1 (2) 2016-2017
0%
1583 Álvaro Ampuero DF, MF 5 0 (0) 2012-2013
0%
1630 Anders Christiansen MF 4 0 (0) 2014-2015
0%
1543 Andrea Danzi DF, MF 6 0 (0) 2017-2018, 2019-2020
0%
1585 Andrea Ghezzi MF, FW 5 0 (0) 2019-2020
0%
1446 Andrea Seculin GK 9 0 (0) 2015-2016, 2018-2019
0%
1754 Andrej Kotnik MF 2 0 (0) 2016-2017
0%
1849 Andrés Cubas MF 1 0 (0) 2016-2017
0%
1850 Andrés Ponce FW 1 0 (0) 2015-2016
0%
1506 Andri Fannar Baldursson MF 7 0 (0) 2019-2020
0%
1851 Angelo Ndrecka DF 1 0 (0) 2018-2019
0%
1507 Aniello Salzano MF 7 0 (0) 2016-2017
0%
1177 Ante Vukušić DF, FW 19 1 (0) 2012-2013
0%
810 Antonio Di Gaudio MF, FW 41 3 (4) 2015-2016, 2018-2019
0%
1411 Antonio Mazzotta DF, MF 10 0 (0) 2014-2015
0%
1684 Antonio Rozzi MF, FW 3 0 (0) 2011-2012
0%
1854 Antonio Santurro GK 1 0 (0) 2017-2018
0%
1855 Arnel Jakupović FW 1 0 (0) 2016-2017
0%
1586 Ben Wilmot DF, MF 5 0 (0) 2018-2019
0%
1509 Błażej Augustyn DF 7 0 (0) 2010-2011, 2012-2013
0%
1447 Bright Gyamfi DF 9 0 (0) 2017-2018
0%
1856 Bruno Fornaroli FW 1 0 (0) 2010-2011
0%
1686 Bruno Jordão DF, MF, FW 3 0 (0) 2018-2019
0%
792 Bruno Petković MF, FW 42 0 (3) 2012-2013, 2016-2018
0%
1858 Bryan Cabezas MF 1 0 (0) 2016-2017
0%
1545 Caio Rangel MF, FW 6 0 (0) 2014-2015
0%
863 Carlos Carbonero MF 36 3 (5) 2014-2016
0%
1633 Carlos Matheu DF 4 0 (0) 2012-2013
0%
1759 Ćazim Suljić FW 2 0 (0) 2016-2017
0%
1688 Cephas Malele FW 3 0 (0) 2012-2013
0%
1334 Cesar Falletti MF, FW 13 1 (0) 2017-2018
0%
1859 Christian Celesia DF 1 0 (0) 2019-2020
0%
1390 Christian Oliva MF 11 1 (1) 2019-2020
0%
1861 Christian Rutjens 0 1 0 (0) 2017-2018
0%
852 Claud Adjapong DF, MF, FW 37 2 (0) 2015-2020
0%
1269 Constantin Nica DF 15 0 (0) 2013-2015
0%
753 Cristian Dell'Orco DF 46 1 (2) 2016-2020
0%
1092 Damiano Zanon DF 23 0 (2) 2012-2013
0%
1549 Damir Ceter FW 6 0 (0) 2017-2018
0%
1864 Daniele Bartolini MF 1 0 (0) 2013-2014
0%
1764 Daniele Vantaggiato MF, FW 2 0 (0) 2011-2012
0%
1108 Dániel Tőzsér MF 22 0 (1) 2012-2013
0%
1865 Daouda Peeters MF 1 0 (0) 2019-2020
0%
1551 Dario Del Fabro DF 6 0 (0) 2012-2014
0%
1513 Dario Župarić DF 7 0 (0) 2016-2017
0%
1336 Darwin Machís MF, FW 13 0 (1) 2018-2019
0%
1591 Davide Bertoncini DF, MF 5 0 (0) 2015-2016
0%
287 Davide Brivio DF 118 5 (0) 2010-2016
0%
1514 Davide Gavazzi MF 7 0 (0) 2013-2014
0%
1868 Davide Petrachi GK 1 0 (0) 2011-2012
0%
1869 Davide Riccardi DF 1 0 (0) 2019-2020
0%
1690 Davide Vitturini DF 3 0 (0) 2016-2017
0%
1590 Dávid Hancko DF 5 0 (0) 2018-2019
0%
1870 Deian Boldor DF 1 0 (0) 2017-2018
0%
1636 Denilho Cleonise MF, FW 4 0 (0) 2019-2020
0%
1593 Dimitri Oberlin FW 5 0 (0) 2018-2019
0%
1876 Dominik Furman MF 1 0 (0) 2015-2016
0%
1877 Eddy Gnahoré MF 1 0 (0) 2016-2017
0%
1878 Edgaras Dubickas DF 1 0 (0) 2019-2020
0%
1879 Edimar Fraga DF, MF 1 0 (0) 2014-2015
0%
1880 Elia Bruzzi 0 1 0 (0) 2013-2014
0%
1881 Elia Bruzzi 0 1 0 (0) 2013-2014
0%
1206 Emanuele Ndoj MF 18 0 (0) 2019-2020
0%
1450 Emanuele Pesoli DF 9 0 (0) 2011-2012
0%
1451 Emanuele Suagher DF 9 0 (0) 2015-2016
0%
1112 Emanuele Terranova DF 22 0 (0) 2013-2017
0%
1768 Emanuele Torrasi MF 2 0 (0) 2017-2018
0%
1364 Emanuel Vignato DF, MF, FW 12 1 (1) 2016-2017, 2018-2019
0%
1483 Emiliano Alfaro FW 8 0 (0) 2011-2012
0%
1769 Enej Jelenič MF, FW 2 0 (0) 2010-2011
0%
1640 Enrico Alfonso GK 4 0 (0) 2019-2020
0%
1554 Enrico Bearzotti DF, FW 6 0 (0) 2017-2018
0%
1515 Erik Friberg MF 7 0 (0) 2013-2014
0%
1365 Eros Schiavon DF, MF 12 0 (0) 2017-2018
0%
1182 Esteban Rolón MF 19 0 (0) 2018-2019
0%
779 Eugenio Lamanna GK 43 0 (0) 2014-2018
0%
1595 Ewandro MF, FW 5 0 (0) 2016-2017
0%
1337 Ezequiel Cirigliano MF 13 0 (0) 2013-2014
0%
1884 Fabio Aveni FW 1 0 (0) 2013-2014
0%
1035 Fabio Caserta MF 26 1 (2) 2010-2012
0%
1885 Fabio Della Giovanna DF 1 0 (0) 2015-2016
0%
1300 Fabio Sciacca MF 14 0 (0) 2010-2013
0%
1770 Fabrizio Alastra GK 2 0 (0) 2015-2016
0%
1886 Fabrizio Caligara MF, FW 1 0 (0) 2017-2018
0%
1887 Fabrizio Grillo DF, MF 1 1 (0) 2012-2013
0%
1889 Federico Bonini DF 1 0 (0) 2019-2020
0%
1890 Federico Brancolini GK 1 0 (0) 2019-2020
0%
1891 Federico Freire MF 1 0 (0) 2013-2014
0%
1771 Federico Marigosu MF 2 0 (0) 2019-2020
0%
1415 Federico Melchiorri FW 10 3 (0) 2016-2017
0%
1772 Felice D'Amico MF 2 0 (0) 2019-2020
0%
1773 Felice Natalino DF 2 0 (0) 2010-2011
0%
1392 Felipe Avenatti FW 11 0 (0) 2017-2018
0%
1894 Felipe Curcio DF 1 0 (0) 2019-2020
0%
741 Felipe Seymour MF 47 1 (1) 2011-2013
0%
1596 Felipe Vizeu DF, FW 5 0 (0) 2018-2019
0%
1016 Filip Bradarić MF 27 0 (2) 2018-2019
0%
457 Filip Helander DF, MF 84 3 (0) 2015-2019
0%
1393 Filip Jagiełło MF 11 0 (2) 2019-2020
0%
1695 Filippo Boniperti MF 3 0 (0) 2010-2011, 2012-2013
0%
837 Filippo Porcari MF 39 2 (2) 2011-2012, 2015-2016
0%
586 Francesco Bolzoni MF 64 1 (0) 2011-2012, 2014-2015
0%
495 Francesco Della Rocca MF 79 0 (3) 2010-2015
0%
1418 Francesco Fedato FW 10 0 (0) 2013-2015
0%
1556 Francesco Migliore DF 6 0 (0) 2017-2018
0%
1095 Francesco Renzetti DF 23 0 (1) 2014-2015
0%
1899 Francesco Urso MF 1 0 (0) 2011-2012
0%
1557 Francisco Sierralta DF 6 0 (0) 2018-2019
0%
1901 Franco Mussis MF 1 0 (0) 2014-2015
0%
1304 Franco Signorelli MF 14 1 (0) 2014-2016
0%
1902 Franjo Prce DF 1 0 (0) 2016-2017
0%
730 Freddie Veseli DF 48 0 (2) 2016-2017, 2018-2019
0%
1904 Gabriele Aldegani GK 1 0 (0) 2013-2014
0%
1697 Gabriele Corbo DF 3 0 (0) 2018-2020
0%
1903 Gabriel Hauche MF, FW 1 0 (0) 2012-2013
0%
1340 Gaetano Masucci FW 13 0 (0) 2013-2014
0%
1419 Gaetano Monachello FW 10 0 (0) 2015-2016
0%
1776 Gennaro Ruggiero MF, FW 2 0 (0) 2016-2017
0%
1558 Gennaro Tutino MF, FW 6 0 (0) 2019-2020
0%
1272 George Pușcaș MF, FW 15 1 (0) 2014-2015, 2017-2018
0%
1421 Georgi Tunjov MF 10 0 (0) 2019-2020
0%
1907 Geremy Broh 0 1 0 (0) 2014-2015
0%
1909 Giacomo Brichetto GK 1 0 (0) 2011-2012
0%
1698 Giacomo Manzari MF, FW 3 0 (0) 2019-2020
0%
1519 Gian Filippo Felicioli DF, MF 7 0 (0) 2014-2015, 2017-2018
0%
1778 Gianluca Gaudino MF 2 0 (0) 2017-2018
0%
1147 Gianluca Musacci MF 21 0 (1) 2011-2013
0%
1700 Gianmarco Cangiano MF, FW 3 0 (0) 2019-2020
0%
1422 Gilberto DF, MF 10 0 (0) 2015-2016
0%
1598 Giorgio Frezzolini GK 5 0 (0) 2011-2012, 2014-2015
0%
1913 Giorgio Spizzichino 0 1 0 (0) 2016-2017
0%
1779 Giovanbattista Catalano MF 2 0 (0) 2012-2013
0%
1914 Giovanni Volpicelli MF 1 0 (0) 2017-2018
0%
1702 Giulio Sanseverino MF 3 0 (0) 2012-2013
0%
1915 Giuseppe Borello 0 1 0 (0) 2016-2017
0%
1780 Giuseppe Panico FW 2 0 (0) 2014-2016
0%
1917 Giuseppe Prestia DF 1 0 (0) 2014-2015
0%
1600 Granddi Ngoyi MF 5 0 (0) 2014-2015
0%
1918 Guido Guerrieri GK 1 0 (0) 2018-2019
0%
1642 Guilherme Arana DF 4 0 (0) 2019-2020
0%
1078 Gustavo DF 24 0 (0) 2010-2011
0%
1273 Gustavo Campanharo MF 15 0 (0) 2014-2015
0%
1370 Han Kwang-song FW 12 1 (0) 2016-2018
0%
1223 Hrvoje Milić DF, FW 17 0 (4) 2016-2017
0%
1704 Hrvoje Miličević DF, MF 3 0 (0) 2016-2017
0%
1784 Ibrahim Karamoko MF 2 0 (0) 2018-2019
0%
1425 Ibson MF 10 0 (0) 2013-2014
0%
1559 Ignacio Lores DF, FW 6 0 (1) 2011-2012
0%
1919 Igor Łasicki DF 1 0 (0) 2013-2014
0%
1344 Iuri Medeiros MF, FW 13 2 (1) 2017-2019
0%
1426 Ivan Kelava GK 10 0 (0) 2013-2014
0%
1246 Ivan Martić DF, MF 16 0 (1) 2014-2015
0%
1560 Iván Pillud DF 6 0 (0) 2013-2014
0%
1305 Jacob Rasmussen DF, MF 14 0 (1) 2018-2019
0%
951 Jacopo Petriccione MF 31 0 (5) 2019-2020
0%
1925 Jadson MF 1 0 (0) 2013-2014
0%
1274 Jagoš Vuković DF 15 1 (1) 2017-2018
0%
1787 Jakub Iskra DF 2 0 (0) 2019-2020
0%
1561 James Troisi MF, FW 6 0 (0) 2012-2013
0%
1927 Jandrei GK 1 0 (0) 2018-2019
0%
1926 Jan Mlakar MF, FW 1 0 (0) 2016-2017
0%
1148 Jaromír Zmrhal MF 21 2 (0) 2019-2020
0%
1788 Jaume Cuéllar MF, FW 2 0 (0) 2019-2020
0%
1149 Javier Garrido DF 21 0 (1) 2010-2012
0%
1520 Jawad El Yamiq DF 7 0 (0) 2017-2018, 2019-2020
0%
1930 Joakim Olausson MF 1 0 (0) 2013-2014
0%
1606 Joan Verdú MF 5 1 (0) 2015-2016
0%
1932 Joaquín Ardaiz FW 1 0 (0) 2018-2019
0%
1705 Joel Untersee DF 3 0 (0) 2018-2019
0%
1002 Jonatan Cristaldo FW 28 4 (2) 2013-2014
0%
1521 Jonny Mosquera MF 7 0 (0) 2013-2014
0%
1080 Jony DF, FW 24 0 (1) 2019-2020
0%
1790 Josef Hušbauer MF 2 0 (0) 2014-2015
0%
1707 Joshua Brillante DF, MF 3 0 (0) 2014-2015
0%
1485 Julian Chabot DF 8 1 (0) 2019-2020
0%
1708 Junior Tallo FW 3 0 (0) 2011-2012
0%
1709 Júnior Tavares DF 3 0 (0) 2018-2019
0%
1710 Kamil Wilczek MF, FW 3 0 (0) 2015-2016
0%
1429 Karlo Letica GK 10 0 (0) 2019-2020
0%
937 Ken Sema DF, MF, FW 32 2 (1) 2019-2020
0%
1793 Kevin Diks DF 2 0 (0) 2016-2017
0%
1935 Kingsley Michael MF 1 0 (0) 2019-2020
0%
1644 Kristoffer Askildsen MF 4 1 (0) 2019-2020
0%
1711 Krisztofer Horváth DF, FW 3 0 (0) 2019-2020
0%
1308 Lee Seung-woo MF, FW 14 1 (0) 2017-2018
0%
1936 Lennart-Marten Czyborra DF, MF 1 0 (0) 2019-2020
0%
1563 Léo Duarte DF 6 0 (0) 2019-2020
0%
1712 Leonardo Fontanesi DF 3 0 (0) 2014-2015
0%
1795 Leonardo Melazzi FW 2 0 (0) 2012-2013
0%
1938 Leonardo Sernicola DF 1 0 (0) 2018-2019
0%
1939 Linus Hallenius FW 1 0 (0) 2012-2013
0%
1564 Lorenzo Andrenacci GK 6 0 (0) 2019-2020
0%
1281 Lorenzo Del Pinto MF 15 0 (0) 2017-2018
0%
1565 Lorenzo Dickmann DF, MF 6 0 (0) 2018-2019
0%
1944 Lorenzo Rosseti FW 1 0 (0) 2014-2015
0%
1946 Luan Capanni FW 1 0 (0) 2018-2019
0%
1796 Ľubomír Tupta MF, FW 2 0 (0) 2017-2018
0%
1713 Luca Anania GK 3 0 (0) 2013-2014
0%
1647 Luca Belingheri MF 4 0 (0) 2013-2014
0%
1152 Luca Bittante DF, MF 21 0 (0) 2015-2017
0%
1947 Luca Calapai DF 1 0 (0) 2011-2012
0%
1648 Luca Checchin MF 4 0 (0) 2015-2016
0%
1610 Luca Crecco DF, MF 5 1 (0) 2012-2013, 2016-2017
0%
1797 Luca Crosta GK 2 0 (0) 2016-2018
0%
1524 Luca Di Matteo DF, MF 7 0 (0) 2011-2012
0%
1948 Luca Falbo DF 1 0 (0) 2019-2020
0%
1798 Luca Gagliano DF, FW 2 1 (1) 2019-2020
0%
1799 Luca Matarese FW 2 0 (0) 2018-2019
0%
1430 Lucas Evangelista MF 10 0 (1) 2014-2015, 2016-2017
0%
1802 Lucas Felippe DF, MF 2 0 (0) 2019-2020
0%
1950 Luca Sparandeo DF 1 0 (0) 2017-2018
0%
1310 Lucas Pratto FW 14 1 (2) 2011-2012
0%
1951 Luca Tremolada MF 1 0 (0) 2019-2020
0%
1228 Luca Valzania MF 17 2 (1) 2014-2015, 2018-2019
0%
1801 Luca Zanimacchia MF, FW 2 0 (0) 2019-2020
0%
507 Luigi Giorgi MF 77 5 (3) 2011-2016
0%
1611 Luigi Piangerelli MF 5 0 (0) 2010-2011
0%
1486 Luigi Vitale DF, FW 8 0 (0) 2010-2011, 2019-2020
0%
1346 Lukáš Haraslín MF, FW 13 1 (0) 2014-2015, 2019-2020
0%
884 Lukas Lerager MF 35 2 (1) 2018-2020
0%
1461 Mamadou Samassa FW 9 0 (0) 2012-2014
0%
1804 Mamadou Tounkara FW 2 0 (0) 2013-2014, 2016-2017
0%
1230 Manuel Iturra MF 17 0 (1) 2015-2016
0%
1720 Manuel Pamić DF, MF 3 0 (0) 2013-2014
0%
1956 Marco Ballarini MF 1 0 (0) 2019-2020
0%
1097 Marco Crimi DF, MF 23 0 (1) 2010-2011, 2015-2016
0%
1231 Marco Fossati MF 17 0 (0) 2017-2018
0%
1958 Marco Iannascoli MF 1 0 (0) 2012-2013
0%
1398 Marek Čech DF 11 0 (1) 2013-2014
0%
1569 Marius Alexe MF, FW 6 0 (0) 2013-2014
0%
1651 Marko Bakić MF 4 0 (0) 2012-2014
0%
1067 Marko Pajač DF, FW 25 2 (2) 2016-2017, 2018-2020
0%
1249 Marvin Compper DF 16 0 (0) 2012-2014
0%
1068 Marvin Zeegelaar DF, FW 25 0 (1) 2018-2020
0%
1652 Masahudu Alhassan DF, MF 4 0 (1) 2011-2012
0%
1964 Massimiliano Ammendola MF 1 0 (0) 2011-2012
0%
1312 Massimiliano Carlini FW 14 0 (0) 2015-2016
0%
1348 Massimiliano Mangraviti DF 13 0 (0) 2019-2020
0%
1434 Mathías Abero DF, MF 10 0 (1) 2012-2013
0%
1374 Matías Aguirregaray DF, MF 12 0 (1) 2011-2012
0%
1614 Matías Campos DF, MF 5 0 (0) 2012-2013
0%
1807 Matteo Ardemagni FW 2 0 (0) 2013-2014
0%
1488 Matteo Fedele MF 8 0 (0) 2015-2016
0%
1967 Mattia Aramu MF, FW 1 0 (0) 2016-2017
0%
1968 Mattia Lombardo MF 1 0 (0) 2013-2014
0%
871 Mattia Sprocati MF, FW 36 2 (0) 2018-2020
0%
1655 Mattia Vitale MF, FW 4 0 (0) 2014-2015, 2017-2018
0%
1184 Matti Lund Nielsen MF 19 0 (2) 2012-2013
0%
1399 Mauricio Lemos DF 11 1 (0) 2017-2019
0%
707 Maurizio Lauro DF 50 0 (1) 2010-2012
0%
1971 Mauro Antonio Burruchaga MF 1 0 (0) 2018-2019
0%
1435 Mauro Cetto DF 10 0 (0) 2011-2013
0%
1490 Mauro Formica MF 8 1 (1) 2012-2013
0%
1615 Mauro Vigorito GK 5 0 (0) 2019-2020
0%
1656 Melker Hallberg MF 4 0 (0) 2014-2015
0%
1657 Michael Rabušic FW 4 0 (0) 2013-2014
0%
1616 Michele Cremonesi DF 5 0 (0) 2017-2018
0%
939 Michele Fornasier DF 32 0 (1) 2013-2014, 2016-2017
0%
1375 Michele Paolucci MF, FW 12 2 (0) 2010-2011, 2012-2013
0%
1972 Michele Rocca MF 1 0 (0) 2015-2016
0%
1810 Mikhail Sivakow DF, MF 2 0 (0) 2010-2011
0%
1617 Milan Milanović DF 5 0 (0) 2011-2012
0%
1811 Miloš Dimitrijević MF 2 0 (0) 2010-2011
0%
1658 Milton Caraglio FW 4 0 (0) 2012-2013
0%
1812 Mirko Eramo MF 2 0 (0) 2013-2014, 2016-2017
0%
1525 Moestafa El Kabir MF, FW 7 1 (0) 2011-2012
0%
830 Molla Wagué DF 40 2 (0) 2014-2019
0%
1123 Mounir Obbadi MF 22 1 (0) 2014-2015
0%
1729 Nadir Minotti MF 3 0 (0) 2011-2012
0%
1975 N'Diaye Djiby MF 1 0 (0) 2012-2013
0%
1185 Nicholas Opoku DF 19 0 (0) 2018-2020
0%
1730 Nicholas Pierini MF, FW 3 0 (0) 2017-2018
0%
1977 Nicky Medja MF, FW 1 0 (0) 2018-2019
0%
1526 Nicola Dalmonte MF, FW 7 0 (0) 2014-2015, 2018-2019
0%
1732 Nicolás Schiappacasse MF, FW 3 0 (0) 2018-2019
0%
1731 Nicola Strambelli MF 3 0 (1) 2010-2011
0%
1816 Nicolò Armini DF 2 0 (0) 2018-2020
0%
1124 Niklas Moisander DF 22 0 (0) 2015-2016
0%
1211 Nikola Ninković MF, FW 18 2 (1) 2015-2017
0%
1072 Nikolas Špalek MF, FW 25 2 (1) 2019-2020
0%
1818 Nikos Spyropoulos DF 2 0 (0) 2012-2013
0%
1467 Noë Dussenne DF, FW 9 0 (0) 2016-2018
0%
1983 Ognjen Stijepović MF, FW 1 0 (0) 2017-2018
0%
1734 Oleksandr Yakovenko MF, FW 3 0 (0) 2013-2014
0%
860 Olivier Ntcham MF 37 3 (2) 2015-2017
0%
1468 Pablo Ceppelini MF 9 0 (0) 2010-2013
0%
1314 Pajtim Kasami MF, FW 14 1 (0) 2010-2011
0%
1027 Paolo Dellafiore DF 27 0 (0) 2010-2013
0%
1984 Paolo Gozzi Iweru DF 1 0 (0) 2018-2019
0%
1234 Paolo Grossi MF 17 1 (1) 2011-2012
0%
1315 Paul Papp DF 14 1 (0) 2012-2014
0%
1662 Pavol Bajza GK 4 0 (0) 2012-2014
0%
1663 Pavol Farkaš DF 4 0 (0) 2012-2013
0%
1821 Pepín MF, FW 2 0 (1) 2018-2019
0%
1986 Petar Mićin MF 1 0 (0) 2018-2019
0%
1187 Peter Ankersen DF 19 0 (1) 2019-2020
0%
1987 Pierluigi Frattali GK 1 0 (0) 2018-2019
0%
1988 Pietro De Giorgio MF 1 0 (0) 2016-2017
0%
1287 Rafał Wolski MF, FW 15 1 (0) 2012-2014
0%
1989 Rafik Zekhnini FW 1 0 (0) 2017-2018
0%
1620 Rai Vloet MF, FW 5 0 (0) 2018-2019
0%
1666 Ravel Morrison MF 4 0 (0) 2015-2016
0%
1621 Riad Bajić MF, FW 5 0 (0) 2017-2018
0%
1992 Ricardo Bagadur DF 1 0 (0) 2014-2015
0%
1994 Riccardo Doratiotto FW 1 0 (0) 2018-2019
0%
1377 Riccardo Fiamozzi DF, MF 12 0 (0) 2015-2017
0%
1737 Riccardo Improta DF, MF 3 0 (0) 2013-2014
0%
1738 Riccardo Ladinetti MF 3 0 (0) 2019-2020
0%
1174 Riccardo Sottil DF, MF, FW 20 0 (0) 2018-2020
0%
1073 Rinaldo Cruzado MF 25 1 (2) 2011-2013
0%
1995 Roberto Biancu MF 1 0 (0) 2016-2017
0%
556 Roberto Vitiello DF 69 2 (0) 2011-2012, 2014-2017
0%
1529 Rolf Feltscher DF 7 0 (0) 2010-2012
0%
1741 Romario Benzar DF 3 0 (0) 2019-2020
0%
1742 Ronaldo Pompeu MF 3 0 (0) 2015-2016
0%
1743 Rubén Bentancourt FW 3 0 (0) 2013-2014
0%
1574 Rui Sampaio MF 6 0 (0) 2011-2012
0%
1623 Said Ahmed Said FW 5 1 (1) 2012-2013
0%
1496 Salvador Agra MF, FW 8 0 (2) 2012-2013
0%
926 Samuel Bastien MF 33 2 (0) 2016-2018
0%
737 Samuele Longo FW 48 0 (1) 2011-2012, 2013-2016
0%
1472 Samuel Gustafson MF, FW 9 0 (0) 2016-2018
0%
1575 Samuel Mráz FW 6 1 (0) 2018-2019
0%
1824 Sanjin Prcić MF 2 0 (0) 2015-2016
0%
1624 Savvas Gentsoglou MF 5 0 (0) 2013-2014
0%
1028 Sebastián Cristóforo MF 27 0 (2) 2016-2017, 2019-2020
0%
991 Sebastian Eriksson DF, MF 29 0 (0) 2011-2014
0%
1744 Sergej Grubac FW 3 0 (0) 2018-2019
0%
1998 Sergio Garufi MF 1 0 (0) 2013-2014
0%
1999 Sergiu Suciu MF 1 0 (0) 2012-2013
0%
2000 Simone Caruso MF 1 0 (0) 2013-2014
0%
2001 Simone Farelli GK 1 0 (0) 2011-2012
0%
1380 Simone Lo Faso FW 12 0 (0) 2016-2018
0%
2002 Simone Palombi FW 1 0 (0) 2017-2018
0%
1827 Simone Pontisso MF 2 0 (0) 2014-2015, 2017-2018
0%
2004 Simone Solinas FW 1 0 (0) 2013-2014
0%
1127 Simon Laner MF 22 0 (0) 2010-2011, 2013-2014
0%
1670 Simon Makienok FW 4 0 (0) 2014-2015
0%
1440 Simon Skrabb MF, FW 10 0 (0) 2019-2020
0%
1745 Sinan Gümüş MF, FW 3 0 (0) 2019-2020
0%
1830 Siriki Sanogo MF 2 0 (0) 2017-2018
0%
1673 Slobodan Rajković DF 4 0 (0) 2016-2017
0%
2005 Sol Bamba DF 1 0 (0) 2014-2015
0%
1674 Soufiane Bidaoui MF, FW 4 0 (0) 2014-2015
0%
1051 Stefano Denswil DF 26 0 (1) 2019-2020
0%
2008 Stefano Piccinini DF 1 0 (0) 2019-2020
0%
2010 Strahinja Tanasijević DF, MF 1 0 (0) 2018-2019
0%
1441 Svante Ingelsson DF, MF 10 1 (1) 2017-2019
0%
993 Sven Kums MF 29 0 (1) 2016-2017
0%
2011 Thierry Doubai MF 1 0 (0) 2011-2012
0%
2012 Thomas Mangani MF 1 0 (0) 2014-2015
0%
1534 Tim Matavž FW 7 0 (0) 2015-2016
0%
1259 Timo Letschert DF, MF 16 0 (0) 2016-2018
0%
2014 Tomasz Kupisz DF, MF 1 0 (0) 2013-2014
0%
1353 Tommaso Arrigoni MF 13 0 (0) 2011-2012
0%
1747 Toni Calvo MF 3 0 (0) 2010-2011
0%
1535 Toni Šunjić DF 7 0 (0) 2016-2017
0%
1836 Ugo Gabrieli GK 2 0 (0) 2011-2012
0%
789 Uroš Ćosić DF 43 0 (0) 2012-2013, 2015-2017
0%
1323 Uroš Đurđević FW 14 2 (1) 2015-2016
0%
1497 Víctor Hugo Mareco DF 8 0 (0) 2010-2011
0%
1629 Willians MF 5 0 (0) 2012-2013
0%
1089 Yevhen Shakhov MF, FW 24 1 (2) 2019-2020
0%
1405 Zakarya Bergdich DF, MF 11 0 (2) 2014-2015
0%
1030 Žan Majer MF 27 1 (1) 2019-2020
0%
1176 Zouhair Feddal DF, MF 20 0 (0) 2014-2015
0%
1478 Zsolt Laczkó DF 9 0 (0) 2010-2011
0%
No matching quizzes found
Score Distribution
Percent of People with Each Score
Percentile by Number Answered
Your Score History
You have not taken this quiz